3091 Freguesias de Portugal - Statistics

Estatísticas Gerais
  • Esse quiz foi jogado 496 vezes
  • A pontuação média é 186 de 3092
Estatísticas das Respostas
Distrito Concelho Freguesias % Correto
Viana do Castelo Ponte de Lima
87%
Viana do Castelo Monção União das freguesias de Messegães, Valadares e Sá
87%
Viana do Castelo Arcos de Valdevez União das freguesias de Vilela, São Cosme e São Damião e Sá
87%
Leiria Bombarral
68%
Porto Porto União das freguesias de Cedofeita, Santo Ildefonso, Sé, Miragaia, São Nicolau e Vitória
66%
Ilha Terceira Angra do Heroísmo Angra (Sé)
65%
Ilha da Madeira Funchal Funchal (Sé)
65%
Lisboa Torres Vedras Santa Maria, São Pedro e Matacães
62%
Leiria Óbidos Santa Maria, São Pedro e Sobral da Lagoa
61%
Braga Vila Nova de Famalicão Oliveira (Santa Maria)
58%
Guarda Manteigas Manteigas (Santa Maria)
56%
Braga Braga União das freguesias de Guisande e Oliveira (São Pedro)
55%
Braga Amares Bouro (Santa Maria)
54%
Viana do Castelo Ponte de Lima Rebordões (Santa Maria)
54%
Beja Odemira São Salvador e Santa Maria
54%
Bragança Bragança União das freguesias de Sé, Santa Maria e Meixedo
54%
Évora Estremoz Évora Monte (Santa Maria)
53%
Braga Barcelos Galegos (Santa Maria)
53%
Braga Vila Nova de Famalicão Vale (São Martinho)
51%
Guarda Manteigas Manteigas (São Pedro)
49%
Ilha de São Miguel Ponta Delgada Ponta Delgada (São Pedro)
48%
Leiria Porto de Mós Porto de Mós - São João Baptista e São Pedro
48%
Braga Vila Verde União das freguesias de Valbom (São Pedro), Passô e Valbom (São Martinho)
48%
Portalegre Elvas Caia, São Pedro e Alcáçova
47%
Ilha da Madeira Funchal Funchal (São Pedro)
47%
Braga Esposende União das freguesias de Belinho e Mar
47%
Ilha Terceira Angra do Heroísmo Angra (São Pedro)
46%
Bragança Mogadouro
46%
Évora Arraiolos União das freguesias de Gafanhoeira (São Pedro) e Sabugueiro
46%
Braga Braga União das freguesias de Merelim (São Pedro) e Frossos
46%
Santarém Torres Novas União das freguesias de Torres Novas (São Pedro), Lapas e Ribeira Branca
46%
Viana do Castelo Ponte da Barca Vade (São Pedro)
46%
Ilha de São Miguel Vila Franca do Campo Vila Franca do Campo (São Pedro)
46%
Braga Braga Braga (São Vicente)
45%
Coimbra Figueira da Foz São Pedro
45%
Ilha de Santa Maria Vila do Porto São Pedro
45%
Évora Alandroal Terena (São Pedro)
45%
Setúbal Sesimbra Sesimbra (Castelo)
43%
Castelo Branco Sertã Castelo
40%
Viseu Moimenta da Beira Castelo
40%
Braga Terras de Bouro União das freguesias de Chamoim e Vilar
40%
Lisboa Cadaval Vilar
40%
Viseu Moimenta da Beira Vilar
40%
Vila Real Boticas Vilar e Viveiro
40%
Aveiro Santa Maria da Feira União das freguesias de Canedo, Vale e Vila Maior
39%
Ilha do Pico Lajes do Pico São João
38%
Lisboa Lisboa São Vicente
38%
Vila Real Chaves São Vicente
38%
Ilha da Madeira São Vicente São Vicente
38%
Portalegre Elvas São Vicente e Ventosa
38%
Aveiro Ovar União das freguesias de Ovar, São João, Arada e São Vicente de Pereira Jusã
38%
Aveiro Vagos União das freguesias de Vagos e Santo António
38%
Viana do Castelo Arcos de Valdevez Vale
38%
Évora Alandroal Capelins (Santo António)
37%
Lisboa Lisboa Santo António
37%
Ilha da Madeira Funchal Santo António
37%
Ilha de São Miguel Ponta Delgada Santo António
37%
Ilha do Pico São Roque do Pico Santo António
37%
Viseu Castro Daire União das freguesias de Mamouros, Alva e Ribolhos
37%
Coimbra Miranda do Corvo Vila Nova
37%
Ilha Terceira Vila da Praia da Vitória Vila Nova
37%
Braga Amares Lago
36%
Aveiro Murtosa Monte
36%
Ilha da Madeira Funchal Monte
36%
Braga Guimarães Sande (São Martinho)
36%
Braga Terras de Bouro União das freguesias de Chorense e Monte
36%
Ilha de São Miguel Lagoa Lagoa (Santa Cruz)
35%
Braga Vila Nova de Famalicão Oliveira (São Mateus)
35%
Braga Fafe Silvares (São Martinho)
35%
Viseu Viseu Campo
34%
Braga Barcelos Galegos (São Martinho)
34%
Coimbra Mira Mira
34%
Braga Terras de Bouro Ribeira
34%
Viana do Castelo Ponte de Lima Ribeira
34%
Guarda Seia União das freguesias de Santa Marinha e São Martinho
33%
Braga Guimarães Candoso (São Martinho)
32%
Ilha da Madeira Funchal Funchal (Santa Maria Maior)
32%
Braga Barcelos Oliveira
32%
Viana do Castelo Arcos de Valdevez Oliveira
32%
Vila Real Mesão Frio Oliveira
32%
Porto Penafiel Recezinhos (São Martinho)
32%
Setúbal Alcácer do Sal São Martinho
32%
Ilha da Madeira Funchal São Martinho
32%
Setúbal Sesimbra Sesimbra (Santiago)
32%
Porto Amarante União das freguesias de Amarante (São Gonçalo), Madalena, Cepelos e Gatão
32%
Braga Póvoa de Lanhoso União das freguesias de Fonte Arcada e Oliveira
32%
Lisboa Lisboa Benfica
31%
Porto Lousada União das freguesias de Silvares, Pias, Nogueira e Alvarenga
31%
Faro Loulé União de freguesias de Querença, Tôr e Benafim
31%
Vila Real Montalegre Chã
30%
Braga Braga Braga (São Vítor)
29%
Faro Loulé Loulé (São Sebastião)
29%
Bragança Torre de Moncorvo Lousa
29%
Lisboa Loures Lousa
29%
Braga Vila Verde Prado (São Miguel)
29%
Setúbal Setúbal Setúbal (São Sebastião)
29%
Castelo Branco Castelo Branco União das freguesias de Escalos de Cima e Lousa
29%
Ilha de São Miguel Vila Franca do Campo Vila Franca do Campo (São Miguel)
29%
Ilha da Madeira Funchal Funchal (Santa Luzia)
28%
Braga Guimarães Ponte
28%
Braga Vila Verde Ponte
28%
Évora Portel Santana
28%
Portalegre Nisa Santana
28%
Ilha da Madeira Santana Santana
28%
Ilha de São Miguel Nordeste Santana
28%
Porto Maia Nogueira e Silva Escura
27%
Ilha Terceira Vila da Praia da Vitória Praia da Vitória (Santa Cruz)
27%
Lisboa Lisboa Alvalade
26%
Setúbal Santiago do Cacém Alvalade
26%
Viana do Castelo Ponte de Lima Ardegão, Freixo e Mato
26%
Portalegre Elvas Assunção, Ajuda, Salvador e Santo Ildefonso
26%
Portalegre Avis Figueira e Barros
26%
Porto Penafiel Lagares e Figueira
26%
Ilha de São Miguel Ponta Delgada Ponta Delgada (São José)
26%
Ilha de São Miguel Ponta Delgada Ponta Delgada (São Sebastião)
26%
Évora Portel Portel
26%
Bragança Miranda do Douro Póvoa
26%
Beja Almodôvar Santa Cruz
26%
Viseu Armamar Santa Cruz
26%
Ilha da Madeira Santa Cruz Santa Cruz
26%
Braga Vila Verde União das freguesias de Carreiras (São Miguel) e Carreiras (Santiago)
26%
Setúbal Santiago do Cacém União das freguesias de Santiago do Cacém, Santa Cruz e São Bartolomeu da Serra
26%
Bragança Vinhais União das freguesias de Travanca e Santa Cruz
26%
Braga Vila Verde Vila Verde e Barbudo
26%
Bragança Bragança Nogueira
25%
Viana do Castelo Ponte da Barca Nogueira
25%
Guarda Seia Santiago
25%
Viana do Castelo Vila Nova de Cerveira União das freguesias de Reboreda e Nogueira
25%
Viseu Armamar União das freguesias de São Romão e Santiago
25%
Ilha Terceira Angra do Heroísmo Angra (Santa Luzia)
24%
Beja Cuba Cuba
24%
Aveiro Espinho Espinho
24%
Braga Braga Espinho
24%
Viseu Mangualde Espinho
24%
Viseu Mortágua Espinho
24%
Ilha da Madeira Santana Ilha
24%
Ilha de São Miguel Lagoa Lagoa (Nossa Senhora do Rosário)
24%
Évora Mourão Luz
24%
Faro Lagos Luz
24%
Ilha Graciosa Santa Cruz da Graciosa Luz
24%
Porto Vila Nova de Gaia Madalena
24%
Ilha do Pico Madalena Madalena
24%
Ilha de São Miguel Ribeira Grande Maia
24%
Lisboa Cascais União das freguesias de Carcavelos e Parede
24%
Bragança Mirandela União das freguesias de Freixeda e Vila Verde
24%
Leiria Pombal União das freguesias de Guia, Ilha e Mata Mourisca
24%
Viana do Castelo Arcos de Valdevez União das freguesias de Jolda (Madalena) e Rio Cabrão
24%
Viana do Castelo Monção União das freguesias de Sago, Lordelo e Parada
24%
Bragança Vinhais Vila Verde
24%
Coimbra Figueira da Foz Vila Verde
24%
Vila Real Alijó Vila Verde
24%
Guarda Guarda Famalicão
23%
Leiria Nazaré Famalicão
23%
Viseu Lamego Figueira
23%
Bragança Macedo de Cavaleiros Lagoa
23%
Bragança Bragança Mós
23%
Bragança Torre de Moncorvo Mós
23%
Leiria Nazaré Nazaré
23%
Braga Barcelos Palme
23%
Braga Vila Nova de Famalicão União das freguesias de Avidos e Lagoa
23%
Viana do Castelo Paredes de Coura União das freguesias de Formariz e Ferreira
23%
Braga Vila Verde União das freguesias de Pico de Regalados, Gondiães e Mós
23%
Braga Vila Nova de Famalicão União das freguesias de Vale (São Cosme), Telhado e Portela
23%
Vila Real Vila Real Vila Real
23%
Bragança Macedo de Cavaleiros Ferreira
22%
Porto Paços de Ferreira Ferreira
22%
Portalegre Elvas São Brás e São Lourenço
22%
Porto Felgueiras União das freguesias de Margaride (Santa Eulália), Várzea, Lagares, Varziela e Moure
22%
Braga Guimarães União das freguesias de Oliveira, São Paio e São Sebastião
22%
Lisboa Lisboa Ajuda
21%
Porto Gondomar Baguim do Monte (Rio Tinto)
21%
Lisboa Lisboa Belém
21%
Ilha do Corvo Corvo Corvo
21%
Aveiro Ílhavo Ílhavo (São Salvador)
21%
Faro Loulé Loulé (São Clemente)
21%
Beja Ferreira do Alentejo Odivelas
21%
Lisboa Odivelas Odivelas
21%
Bragança Vinhais Paçó
21%
Viana do Castelo Arcos de Valdevez Paçô
21%
Porto Gondomar Rio Tinto
21%
Lisboa Lisboa Santa Clara
21%
Ilha de São Miguel Ponta Delgada Santa Clara
21%
Lisboa Lisboa Santa Maria Maior
21%
Vila Real Chaves Santa Maria Maior
21%
Faro Silves Silves
21%
Castelo Branco Penamacor União das freguesias de Aldeia do Bispo, Águas e Aldeia de João Pires
21%
Braga Esposende União das freguesias de Fonte Boa e Rio Tinto
21%
Santarém Torres Novas União das freguesias de Olaia e Paço
21%
Vila Real Vila Real União das freguesias de Pena, Quintã e Vila Cova
21%
Braga Amares União das freguesias de Torre e Portela
21%
Porto Felgueiras União das freguesias de Vila Fria e Vizela (São Jorge)
21%
Faro Albufeira Albufeira e Olhos de Água
20%
Leiria Leiria Amor
20%
Évora Borba Borba (São Bartolomeu)
20%
Braga Fafe Fafe
20%
Lisboa Loures Loures
20%
Aveiro Anadia Moita
20%
Leiria Marinha Grande Moita
20%
Setúbal Moita Moita
20%
Évora Mora Mora
20%
Viana do Castelo Monção Portela
20%
Ilha da Madeira Porto Moniz Seixal
20%
Porto Santo Tirso União das freguesias de Areias, Sequeiró, Lama e Palmeira
20%
Braga Braga União das freguesias de Cabreiros e Passos (São Julião)
20%
Lisboa Cascais União das freguesias de Cascais e Estoril
20%
Lisboa Loures União das freguesias de Moscavide e Portela
20%
Guarda Sabugal União das freguesias de Santo Estêvão e Moita
20%
Viana do Castelo Ponte de Lima Arca e Ponte de Lima
19%
Braga Amares Bouro (Santa Marta)
19%
Coimbra Figueira da Foz Buarcos e São Julião
19%
Ilha do Faial Horta Horta (Matriz)
19%
Vila Real Mesão Frio Mesão Frio (Santo André)
19%
Viana do Castelo Arcos de Valdevez Miranda
19%
Coimbra Vila Nova de Poiares Poiares (Santo André)
19%
Faro Portimão Portimão
19%
Porto Penafiel Recezinhos (São Mamede)
19%
Ilha de São Miguel Ribeira Grande São Brás
19%
Ilha Terceira Vila da Praia da Vitória São Brás
19%
Leiria Batalha São Mamede
19%
Braga Barcelos Silva
19%
Coimbra Tábua Tábua
19%
Ilha da Madeira Ribeira Brava Tábua
19%
Portalegre Avis União das freguesias de Benavila e Valongo
19%
Braga Vila Verde União das freguesias de Escariz (São Mamede) e Escariz (São Martinho)
19%
Viana do Castelo Valença União das freguesias de São Julião e Silva
19%
Porto Valongo Valongo
19%
Ilha de São Jorge Velas Velas (São Jorge)
19%
Viseu Viseu Viseu
19%
Santarém Santarém Abrã
18%
Viana do Castelo Arcos de Valdevez Aguiã
18%
Porto Marco de Canaveses Alpendorada, Várzea e Torrão
18%
Ilha da Madeira Calheta Calheta
18%
Ilha de São Jorge Calheta Calheta
18%
Bragança Mogadouro Castelo Branco
18%
Castelo Branco Castelo Branco Castelo Branco
18%
Ilha do Faial Horta Castelo Branco
18%
Santarém Ourém Fátima
18%
Guarda Guarda Guarda
18%
Ilha do Faial Horta Horta (Conceição)
18%
Beja Mértola Mértola
18%
Bragança Mirandela Mirandela
18%
Faro Olhão Olhão
18%
Beja Ourique Ourique
18%
Porto Paredes Paredes
18%
Beja Vidigueira Pedrógão
18%
Santarém Torres Novas Pedrógão
18%
Braga Vila Verde Pico
18%
Ilha de Porto Santo Porto Santo Porto Santo
18%
Viana do Castelo Ponte de Lima Rebordões (Souto)
18%
Santarém Rio Maior Rio Maior
18%
Faro Tavira Santa Luzia
18%
Ilha do Pico São Roque do Pico Santa Luzia
18%
Santarém Rio Maior São Sebastião
18%
Setúbal Sines Sines
18%
Porto Porto União das freguesias de Aldoar, Foz do Douro e Nevogilde
18%
Viana do Castelo Arcos de Valdevez União das freguesias de Arcos de Valdevez (Salvador), Vila Fonche e Parada
18%
Porto Vila do Conde União das freguesias de Bagunte, Ferreiró, Outeiro Maior e Parada
18%
Braga Amares União das freguesias de Caldelas, Sequeiros e Paranhos
18%
Beja Ourique União das freguesias de Garvão e Santa Luzia
18%
Braga Guimarães União das freguesias de Leitões, Oleiros e Figueiredo
18%
Braga Vila Verde União das freguesias de Sande, Vilarinho, Barros e Gomide
18%
Braga Vizela União das freguesias de Tagilde e Vizela (São Paio)
18%
Braga Fafe União de freguesias de Aboim, Felgueiras, Gontim e Pedraído
18%
Viana do Castelo Viana do Castelo Vila Franca
18%
Braga Vila Verde Aboim da Nóbrega e Gondomar
17%
Évora Estremoz Arcos
17%
Viseu Tabuaço Arcos
17%
Braga Barcelos Carvalhal
17%
Castelo Branco Sertã Carvalhal
17%
Leiria Bombarral Carvalhal
17%
Santarém Abrantes Carvalhal
17%
Setúbal Grândola Carvalhal
17%
Braga Barcelos Lama
17%
Guarda Seia Paranhos
17%
Porto Porto Paranhos
17%
Ilha da Madeira São Vicente Ponta Delgada
17%
Ilha das Flores Santa Cruz das Flores Ponta Delgada
17%
Ilha de São Miguel Ponta Delgada Rosto do Cão (São Roque)
17%
Ilha da Madeira Funchal São Gonçalo
17%
Aveiro Oliveira de Azeméis São Roque
17%
Ilha da Madeira Funchal São Roque
17%
Braga Guimarães Selho (São Jorge)
17%
Porto Lousada União das freguesias de Cernadelo e Lousada (São Miguel e Santa Margarida)
17%
Braga Braga União das freguesias de Lomar e Arcos
17%
Portalegre Portalegre União das freguesias de Reguengo e São Julião
17%
Porto Vila do Conde União das freguesias de Rio Mau e Arcos
17%
Guarda Mêda União das freguesias de Vale Flor, Carvalhal e Pai Penela
17%
Porto Vila do Conde Vila do Conde
17%
Beja Alvito Alvito
16%
Porto Amarante Gouveia (São Simão)
16%
Ilha do Faial Horta Horta (Angústias)
16%
Braga Vila Nova de Famalicão Louro
16%
Lisboa Mafra Mafra
16%
Faro Monchique Monchique
16%
Porto Maia Moreira
16%
Viana do Castelo Monção Moreira
16%
Lisboa Lisboa Olivais
16%
Leiria Peniche Peniche
16%
Faro Vila do Bispo Sagres
16%
Braga Terras de Bouro Souto
16%
Viseu Penedono Souto
16%
Santarém Abrantes União das freguesias de Aldeia do Mato e Souto
16%
Guarda Almeida União das freguesias de Amoreira, Parada e Cabreira
16%
Bragança Alfândega da Fé União das freguesias de Eucisia, Gouveia e Valverde
16%
Guarda Trancoso União das freguesias de Freches e Torres
16%
Porto Gondomar União das freguesias de Gondomar (São Cosme), Valbom e Jovim
16%
Viana do Castelo Arcos de Valdevez União das freguesias de Guilhadeses e Santar
16%
Viseu Nelas União das freguesias de Santar e Moreira
16%
Braga Guimarães União das freguesias de Souto Santa Maria, Souto São Salvador e Gondomar
16%
Porto Maia Águas Santas
15%
Évora Viana do Alentejo Aguiar
15%
Braga Barcelos Arcozelo
15%
Guarda Gouveia Arcozelo
15%
Porto Vila Nova de Gaia Arcozelo
15%
Viana do Castelo Ponte de Lima Arcozelo
15%
Braga Fafe Arões (São Romão)
15%
Lisboa Azambuja Azambuja
15%
Beja Barrancos Barrancos
15%
Leiria Batalha Batalha
15%
Porto Porto Campanhã
15%
Braga Guimarães Costa
15%
Lisboa Lisboa Estrela
15%
Guarda Almeida Freixo
15%
Guarda Gouveia Gouveia
15%
Guarda Vila Nova de Foz Côa Horta
15%
Braga Braga Lamas
15%
Bragança Macedo de Cavaleiros Lamas
15%
Coimbra Miranda do Corvo Lamas
15%
Braga Guimarães Lordelo
15%
Porto Paredes Lordelo
15%
Vila Real Vila Real Lordelo
15%
Guarda Mêda Mêda, Outeiro de Gatos e Fonte Longa
15%
Évora Vila Viçosa Nossa Senhora da Conceição e São Bartolomeu
15%
Braga Vila Verde Oleiros
15%
Viana do Castelo Ponte da Barca Oleiros
15%
Braga Fafe Paços
15%
Vila Real Sabrosa Paços
15%
Setúbal Palmela Palmela
15%
Viana do Castelo Paredes de Coura Parada
15%
Viseu Carregal do Sal Parada
15%
Lisboa Lisboa Parque das Nações
15%
Porto Penafiel Penafiel
15%
Bragança Carrazeda de Ansiães Pombal
15%
Leiria Pombal Pombal
15%
Ilha da Madeira Porto Moniz Porto Moniz
15%
Ilha de São Miguel Ribeira Grande Ribeira Grande (Matriz)
15%
Setúbal Santiago do Cacém Santo André
15%
Vila Real Montalegre Santo André
15%
Lisboa Lisboa São Domingos de Benfica
15%
Aveiro São João da Madeira São João da Madeira
15%
Ilha da Madeira Santana São Jorge
15%
Castelo Branco Sertã Sertã
15%
Vila Real Santa Marta de Penaguião Sever
15%
Viseu Moimenta da Beira Sever
15%
Setúbal Barreiro União das freguesias de Alto do Seixalinho, Santo André e Verderena
15%
Viana do Castelo Melgaço União das freguesias de Chaviães e Paços
15%
Braga Vila Verde União das freguesias de Esqueiros, Nevogilde e Travassós
15%
Braga Vila Verde União das freguesias de Marrancos e Arcozelo
15%
Porto Matosinhos União das freguesias de Perafita, Lavra e Santa Cruz do Bispo
15%
Braga Barcelos União das freguesias de Quintiães e Aguiar
15%
Porto Felgueiras União das freguesias de Unhão e Lordelo
15%
Setúbal Alcochete Alcochete
14%
Ilha Terceira Angra do Heroísmo Angra (Nossa Senhora da Conceição)
14%
Lisboa Lisboa Avenidas Novas
14%
Viseu Resende Barrô
14%
Évora Borba Borba (Matriz)
14%
Ilha da Madeira Câmara de Lobos Câmara de Lobos
14%
Aveiro Santa Maria da Feira Lourosa
14%
Coimbra Oliveira do Hospital Lourosa
14%
Bragança Miranda do Douro Miranda do Douro
14%
Coimbra Penacova Penacova
14%
Porto Felgueiras Penacova
14%
Beja Serpa Pias
14%
Viana do Castelo Monção Pias
14%
Ilha da Madeira Ribeira Brava Ribeira Brava
14%
Ilha de São Miguel Ribeira Grande Ribeira Grande (Conceição)
14%
Santarém Ferreira do Zêzere União das freguesias de Areias e Pias
14%
Braga Braga União das freguesias de Merelim (São Paio), Panoias e Parada de Tibães
14%
Viseu São Pedro do Sul União das freguesias de São Pedro do Sul, Várzea e Baiões
14%
Beja Vidigueira Vidigueira
14%
Braga Vizela Vizela (Santo Adrião)
14%
Aveiro Albergaria-a-Velha Albergaria-a-Velha e Valmaior
13%
Lisboa Lisboa Alcântara
13%
Faro Aljezur Aljezur
13%
Lisboa Lisboa Arroios
13%
Vila Real Vila Real Arroios
13%
Porto Porto Bonfim
13%
Porto Penafiel Canelas
13%
Porto Vila Nova de Gaia Canelas
13%
Guarda Guarda Castanheira
13%
Guarda Trancoso Castanheira
13%
Viana do Castelo Paredes de Coura Castanheira
13%
Faro Castro Marim Castro Marim
13%
Viana do Castelo Arcos de Valdevez Couto
13%
Porto Valongo Ermesinde
13%
Aveiro Castelo de Paiva Fornos
13%
Aveiro Santa Maria da Feira Fornos
13%
Viana do Castelo Arcos de Valdevez Jolda (São Paio)
13%
Ilha Terceira Vila da Praia da Vitória Lajes
13%
Viseu Lamego Lamego (Almacave e Sé)
13%
Bragança Macedo de Cavaleiros Macedo de Cavaleiros
13%
Ilha da Madeira Machico Machico
13%
Ilha de São Jorge Velas Manadas (Santa Bárbara)
13%
Porto Marco de Canaveses Marco
13%
Lisboa Lisboa Marvila
13%
Braga Guimarães Mesão Frio
13%
Aveiro Murtosa Murtosa
13%
Porto Lousada Nevogilde
13%
Aveiro Mealhada Pampilhosa
13%
Viseu Moimenta da Beira Passô
13%
Ilha da Madeira Ponta do Sol Ponta do Sol
13%
Setúbal Sines Porto Covo
13%
Faro Loulé Quarteira
13%
Lisboa Lourinhã Santa Bárbara
13%
Ilha de Santa Maria Vila do Porto Santa Bárbara
13%
Ilha de São Miguel Ponta Delgada Santa Bárbara
13%
Ilha de São Miguel Ribeira Grande Santa Bárbara
13%
Ilha Terceira Angra do Heroísmo Santa Bárbara
13%
Guarda Seia Santa Comba
13%
Guarda Vila Nova de Foz Côa Santa Comba
13%
Viana do Castelo Ponte de Lima Santa Comba
13%
Vila Real Ribeira de Pena Santa Marinha
13%
Guarda Gouveia São Paio
13%
Viana do Castelo Melgaço São Paio
13%
Aveiro Sever do Vouga Sever do Vouga
13%
Portalegre Sousel Sousel
13%
Porto Amarante União das freguesias de Aboadela, Sanche e Várzea
13%
Guarda Aguiar da Beira União das freguesias de Aguiar da Beira e Coruche
13%
Faro Silves União das freguesias de Alcantarilha e Pêra
13%
Braga Barcelos União das freguesias de Alvito (São Pedro e São Martinho) e Couto
13%
Viana do Castelo Arcos de Valdevez União das freguesias de Arcos de Valdevez (São Paio) e Giela
13%
Bragança Mogadouro União das freguesias de Brunhozinho, Castanheira e Sanhoane
13%
Guarda Fornos de Algodres União das freguesias de Cortiçô e Vila Chã
13%
Viana do Castelo Arcos de Valdevez União das freguesias de Eiras e Mei
13%
Bragança Freixo de Espada à Cinta União das freguesias de Lagoaça e Fornos
13%
Coimbra Lousã União das freguesias de Lousã e Vilarinho
13%
Braga Vila Verde União das freguesias de Oriz (Santa Marinha) e Oriz (São Miguel)
13%
Vila Real Peso da Régua União das freguesias de Poiares e Canelas
13%
Santarém Santarém União das freguesias de Romeira e Várzea
13%
Porto Vila Nova de Gaia União das freguesias de Sandim, Olival, Lever e Crestuma
13%
Porto Santo Tirso União das freguesias de Santo Tirso, Couto (Santa Cristina e São Miguel) e Burgães
13%
Guarda Seia União das freguesias de Tourais e Lajes
13%
Lisboa Sintra União das freguesias do Cacém e São Marcos
13%
Santarém Cartaxo Valada
13%
Guarda Pinhel Valbom/Bogalhal
13%
Aveiro Arouca Várzea
13%
Braga Barcelos Várzea
13%
Porto Marco de Canaveses Várzea, Aliviada e Folhada
13%
Guarda Guarda Vela
13%
Évora Vendas Novas Vendas Novas
13%
Castelo Branco Vila de Rei Vila de Rei
13%
Faro Vila do Bispo Vila do Bispo e Raposeira
13%
Faro Vila Real de Santo António Vila Real de Santo António
13%
Porto Santo Tirso Vilarinho
13%
Bragança Vinhais Vinhais
13%
Ilha Terceira Vila da Praia da Vitória Agualva
12%
Faro Portimão Alvor
12%
Lisboa Lisboa Areeiro
12%
Coimbra Arganil Arganil
12%
Lisboa Arruda dos Vinhos Arruda dos Vinhos
12%
Portalegre Avis Avis
12%
Lisboa Lisboa Campo de Ourique
12%
Setúbal Montijo Canha
12%
Aveiro Arouca Chave
12%
Setúbal Santiago do Cacém Ermidas-Sado
12%
Braga Cabeceiras de Basto Faia
12%
Guarda Guarda Faia
12%
Viseu Sernancelhe Faia
12%
Coimbra Góis Góis
12%
Lisboa Lisboa Lumiar
12%
Leiria Marinha Grande Marinha Grande
12%
Braga Barcelos Martim
12%
Santarém Alcanena Minde
12%
Évora Mourão Mourão
12%
Aveiro Oliveira do Bairro Oliveira do Bairro
12%
Leiria Pedrógão Grande Pedrógão Grande
12%
Castelo Branco Penamacor Penamacor
12%
Porto Porto Ramalde
12%
Ilha Graciosa Santa Cruz da Graciosa São Mateus
12%
Ilha do Pico Madalena São Mateus
12%
Coimbra Soure Soure
12%
Beja Aljustrel União das freguesias de Aljustrel e Rio de Moinhos
12%
Braga Amares União das freguesias de Amares e Figueiredo
12%
Santarém Ourém União das freguesias de Gondemaria e Olival
12%
Porto Matosinhos União das freguesias de Matosinhos e Leça da Palmeira
12%
Aveiro Santa Maria da Feira União das freguesias de São Miguel do Souto e Mosteirô
12%
Braga Barcelos União das freguesias de Silveiros e Rio Covo (Santa Eulália)
12%
Bragança Vila Flor União das freguesias de Valtorno e Mourão
12%
Ilha de São Jorge Velas Urzelina (São Mateus)
12%
Viana do Castelo Ponte da Barca Vade (São Tomé)
12%
Braga Vieira do Minho Vieira do Minho
12%
Braga Esposende Vila Chã
12%
Porto Vila do Conde Vila Chã
12%
Vila Real Alijó Vila Chã
12%
Bragança Vimioso Vimioso
12%
Leiria Alcobaça Aljubarrota
11%
Braga Celorico de Basto Basto (São Clemente)
11%
Viseu Viseu Calde
11%
Coimbra Penacova Carvalho
11%
Braga Amares Dornelas
11%
Guarda Aguiar da Beira Dornelas
11%
Vila Real Boticas Dornelas
11%
Lisboa Mafra Ericeira
11%
Braga Braga Figueiredo
11%
Porto Paços de Ferreira Figueiró
11%
Braga Vila Nova de Famalicão Gavião
11%
Faro Albufeira Guia
11%
Viana do Castelo Ponte de Lima Labrujó, Rendufe e Vilar do Monte
11%
Porto Penafiel Luzim e Vila Cova
11%
Porto Lousada Macieira
11%
Braga Vieira do Minho Mosteiro
11%
Castelo Branco Oleiros Mosteiro
11%
Ilha das Flores Lajes das Flores Mosteiro
11%
Vila Real Murça Murça
11%
Guarda Pinhel Pala
11%
Viseu Mortágua Pala
11%
Santarém Abrantes Pego
11%
Ilha de São Miguel Povoação Povoação
11%
Braga Póvoa de Lanhoso Póvoa de Lanhoso (Nossa Senhora do Amparo)
11%
Viseu Viseu Repeses e São Salvador
11%
Viseu Resende Resende
11%
Évora Borba Rio de Moinhos
11%
Porto Penafiel Rio de Moinhos
11%
Santarém Abrantes Rio de Moinhos
11%
Viana do Castelo Arcos de Valdevez Rio de Moinhos
11%
Viseu Sátão Rio de Moinhos
11%
Faro Loulé Salir
11%
Leiria Porto de Mós São Bento
11%
Ilha Terceira Angra do Heroísmo São Bento
11%
Braga Braga União das freguesias de Celeirós, Aveleda e Vimieiro
11%
Castelo Branco Sertã União das freguesias de Ermida e Figueiredo
11%
Viseu Sernancelhe União das freguesias de Ferreirim e Macieira
11%
Vila Real Vila Real União das freguesias de Nogueira e Ermida
11%
Viana do Castelo Paredes de Coura União das freguesias de Paredes de Coura e Resende
11%
Leiria Leiria União das freguesias de Santa Eufémia e Boa Vista
11%
Aveiro Santa Maria da Feira União das freguesias de Santa Maria da Feira, Travanca, Sanfins e Espargo
11%
Aveiro Sever do Vouga União das freguesias de Silva Escura e Dornelas
11%
Braga Vieira do Minho União das freguesias de Ventosa e Cova
11%
Porto Amarante União das freguesias de Vila Garcia, Aboim e Chapa
11%
Porto Vila do Conde União das freguesias de Vilar e Mosteiró
11%
Beja Odemira Vila Nova de Milfontes
11%
Lisboa Cascais Alcabideche
10%
Lisboa Sintra Algueirão-Mem Martins
10%
Vila Real Alijó Alijó
10%
Guarda Almeida Almeida
10%
Santarém Almeirim Almeirim
10%
Leiria Ansião Ansião
10%
Braga Esposende Antas
10%
Évora Arraiolos Arraiolos
10%
Braga Guimarães Barco
10%
Braga Cabeceiras de Basto Basto
10%
Portalegre Marvão Beirã
10%
Bragança Mogadouro Bemposta
10%
Santarém Abrantes Bemposta
10%
Santarém Benavente Benavente
10%
Braga Amares Bico
10%
Vila Real Boticas Boticas e Granja
10%
Viana do Castelo Arcos de Valdevez Cabreiro
10%
Lisboa Lisboa Campolide
10%
Vila Real Ribeira de Pena Canedo
10%
Ilha da Madeira Santa Cruz Caniço
10%
Leiria Pombal Carnide
10%
Lisboa Lisboa Carnide
10%
Viseu Castro Daire Castro Daire
10%
Braga Vila Nova de Famalicão Cruz
10%
Bragança Miranda do Douro Duas Igrejas
10%
Porto Paredes Duas Igrejas
10%
Porto Penafiel Duas Igrejas
10%
Porto Vila Nova de Gaia Foz do Douro
10%
Porto Paredes Gandra
10%
Viana do Castelo Ponte de Lima Gandra
10%
Santarém Golegã Golegã
10%
Braga Vila Verde Lage
10%
Ilha das Flores Lajes das Flores Lajes das Flores
10%
Ilha do Pico Lajes do Pico Lajes do Pico
10%
Porto Amarante Lomba
10%
Porto Gondomar Lomba
10%
Ilha das Flores Lajes das Flores Lomba
10%
Portalegre Monforte Monforte
10%
Braga Barcelos Moure
10%
Braga Vila Verde Moure
10%
Viseu Nelas Nelas
10%
Ilha de São Miguel Nordeste Nordeste
10%
Braga Barcelos Paradela
10%
Bragança Mogadouro Paradela
10%
Vila Real Chaves Paradela
10%
Lisboa Lisboa Penha de França
10%
Braga Guimarães Pinheiro
10%
Braga Vieira do Minho Pinheiro
10%
Guarda Aguiar da Beira Pinheiro
10%
Porto Felgueiras Pinheiro
10%
Viseu Castro Daire Pinheiro
10%
Viseu Oliveira de Frades Pinheiro
10%
Coimbra Arganil Piódão
10%
Bragança Freixo de Espada à Cinta Poiares
10%
Viana do Castelo Ponte de Lima Poiares
10%
Évora Redondo Redondo
10%
Braga Amares Rendufe
10%
Setúbal Setúbal Sado
10%
Porto Marco de Canaveses Sande e São Lourenço do Douro
10%
Aveiro Arouca Santa Eulália
10%
Braga Vizela Santa Eulália
10%
Portalegre Elvas Santa Eulália
10%
Aveiro Aveiro Santa Joana
10%
Portalegre Sousel Santo Amaro
10%
Ilha de São Jorge Velas Santo Amaro
10%
Ilha do Pico São Roque do Pico Santo Amaro
10%
Faro São Brás de Alportel São Brás de Alportel
10%
Setúbal Alcochete São Francisco
10%
Aveiro Aveiro São Jacinto
10%
Aveiro Albergaria-a-Velha São João de Loure e Frossos
10%
Beja Odemira São Luís
10%
Bragança Mirandela São Salvador
10%
Viseu Sátão Sátão
10%
Braga Póvoa de Lanhoso União das freguesias de Águas Santas e Moure
10%
Setúbal Almada União das freguesias de Almada, Cova da Piedade, Pragal e Cacilhas
10%
Braga Guimarães União das freguesias de Atães e Rendufe
10%
Braga Celorico de Basto União das freguesias de Carvalho e Basto (Santa Tecla)
10%
Aveiro Sever do Vouga União das freguesias de Cedrim e Paradela
10%
Porto Matosinhos União das freguesias de Custóias, Leça do Balio e Guifões
10%
Viana do Castelo Ponte da Barca União das freguesias de Entre Ambos-os-Rios, Ermida e Germil
10%
Braga Esposende União das freguesias de Esposende, Marinhas e Gandra
10%
Braga Amares União das freguesias de Ferreiros, Prozelo e Besteiros
10%
Coimbra Penacova União das freguesias de Friúmes e Paradela
10%
Porto Vila Nova de Gaia União das freguesias de Gulpilhares e Valadares
10%
Bragança Miranda do Douro União das freguesias de Ifanes e Paradela
10%
Leiria Leiria União das freguesias de Leiria, Pousos, Barreira e Cortes
10%
Aveiro Santa Maria da Feira União das freguesias de Lobão, Gião, Louredo e Guisande
10%
Porto Lousada União das freguesias de Lustosa e Barrosas (Santo Estêvão)
10%
Lisboa Oeiras União das freguesias de Oeiras e São Julião da Barra, Paço de Arcos e Caxias
10%
Aveiro Oliveira de Azeméis União das freguesias de Oliveira de Azeméis, Santiago de Riba-Ul, Ul, Macinhata da Seixa e Madail
10%
Castelo Branco Penamacor União das freguesias de Pedrógão de São Pedro e Bemposta
10%
Viseu Castro Daire União das freguesias de Picão e Ermida
10%
Aveiro Oliveira de Azeméis União das freguesias de Pinheiro da Bemposta, Travanca e Palmaz
10%
Guarda Sabugal União das freguesias de Pousafoles do Bispo, Pena Lobo e Lomba
10%
Guarda Seia União das freguesias de Sameice e Santa Eulália
10%
Porto Matosinhos União das freguesias de São Mamede de Infesta e Senhora da Hora
10%
Guarda Seia União das freguesias de Seia, São Romão e Lapa dos Dinheiros
10%
Braga Fafe União de freguesias de Antime e Silvares (São Clemente)
10%
Porto Baião Valadares
10%
Viseu São Pedro do Sul Valadares
10%
Vila Real Valpaços Valpaços e Sanfins
10%
Lisboa Alenquer Ventosa
10%
Lisboa Torres Vedras Ventosa
10%
Viseu Vouzela Ventosa
10%
Ilha de Santa Maria Vila do Porto Vila do Porto
10%
Lisboa Vila Franca de Xira Vila Franca de Xira
10%
Guarda Almeida Vilar Formoso
10%
Castelo Branco Vila Velha de Ródão Vila Velha de Ródão
10%
Faro Loulé Alte
9%
Braga Barcelos Areias
9%
Faro Silves Armação de Pêra
9%
Braga Fafe Arões (Santa Cristina)
9%
Porto Vila do Conde Árvore
9%
Braga Barcelos Barcelinhos
9%
Viana do Castelo Monção Bela
9%
Lisboa Loures Bucelas
9%
Aveiro Aveiro Cacia
9%
Ilha da Madeira Santa Cruz Camacha
9%
Ilha da Madeira Machico Caniçal
9%
Porto Vila Nova de Gaia Canidelo
9%
Bragança Carrazeda de Ansiães Carrazeda de Ansiães
9%
Braga Amares Carrazedo
9%
Braga Vila Nova de Famalicão Castelões
9%
Porto Penafiel Castelões
9%
Viseu Tondela Castelões
9%
Leiria Alcobaça Cela
9%
Viseu Cinfães Cinfães
9%
Aveiro Aveiro Eixo e Eirol
9%
Aveiro Arouca Escariz
9%
Portalegre Fronteira Fronteira
9%
Aveiro Ílhavo Gafanha da Nazaré
9%
Aveiro Mealhada Luso
9%
Beja Aljustrel Messejana
9%
Braga Terras de Bouro Moimenta
9%
Viseu Cinfães Moimenta
9%
Faro Vila Real de Santo António Monte Gordo
9%
Braga Guimarães Moreira de Cónegos
9%
Porto Santo Tirso Negrelos (São Tomé)
9%
Braga Vila Nova de Famalicão Nine
9%
Bragança Bragança Outeiro
9%
Viana do Castelo Viana do Castelo Outeiro
9%
Vila Real Montalegre Outeiro
9%
Braga Braga Palmeira
9%
Castelo Branco Covilhã Paul
9%
Braga Barcelos Pereira
9%
Coimbra Montemor-o-Velho Pereira
9%
Ilha de São Miguel Ribeira Grande Rabo de Peixe
9%
Castelo Branco Penamacor Salvador
9%
Santarém Benavente Samora Correia
9%
Viseu Lamego Sande
9%
Ilha Graciosa Santa Cruz da Graciosa Santa Cruz da Graciosa
9%
Ilha das Flores Santa Cruz das Flores Santa Cruz das Flores
9%
Santarém Benavente Santo Estêvão
9%
Vila Real Chaves Santo Estêvão
9%
Vila Real Valpaços Sonim e Barreiros
9%
Bragança Mogadouro Travanca
9%
Porto Amarante Travanca
9%
Viseu Cinfães Travanca
9%
Portalegre Portalegre União das freguesias da Sé e São Lourenço
9%
Vila Real Chaves União das freguesias das Eiras, São Julião de Montenegro e Cela
9%
Braga Guimarães União das freguesias de Arosa e Castelões
9%
Bragança Mirandela União das freguesias de Avidagos, Navalho e Pereira
9%
Bragança Bragança União das freguesias de Castrelos e Carrazedo
9%
Portalegre Nisa União das freguesias de Espírito Santo, Nossa Senhora da Graça e São Simão
9%
Faro Tavira União das freguesias de Luz de Tavira e Santo Estêvão
9%
Porto Vila do Conde União das freguesias de Malta e Canidelo
9%
Leiria Leiria União das freguesias de Monte Redondo e Carreira
9%
Braga Cabeceiras de Basto União das freguesias de Refojos de Basto, Outeiro e Painzela
9%
Vila Real Ribeira de Pena União das freguesias de Ribeira de Pena (Salvador) e Santo Aleixo de Além-Tâmega
9%
Évora Estremoz União das freguesias de São Bento do Cortiço e Santo Estêvão
9%
Braga Fafe União de freguesias de Freitas e Vila Cova
9%
Braga Barcelos Abade de Neiva
8%
Bragança Alfândega da Fé Alfândega da Fé
8%
Santarém Alpiarça Alpiarça
8%
Viseu Armamar Armamar
8%
Porto Vila Nova de Gaia Avintes
8%
Coimbra Oliveira do Hospital Avô
8%
Braga Vila Nova de Famalicão Bairro
8%
Braga Amares Barreiros
8%
Viana do Castelo Ponte de Lima Bárrio e Cepões
8%
Braga Guimarães Caldelas
8%
Setúbal Almada Costa da Caparica
8%
Aveiro Ovar Esmoriz
8%
Santarém Ferreira do Zêzere Ferreira do Zêzere
8%
Braga Póvoa de Lanhoso Ferreiros
8%
Braga Amares Fiscal
8%
Braga Barcelos Fornelos
8%
Braga Fafe Fornelos
8%
Viseu Cinfães Fornelos
8%
Viana do Castelo Ponte de Lima Fornelos e Queijada
8%
Évora Estremoz Glória
8%
Braga Amares Goães
8%
Évora Mourão Granja
8%
Guarda Trancoso Granja
8%
Porto Penafiel Irivo
8%
Viana do Castelo Monção Lara
8%
Porto Maia Milheirós
8%
Coimbra Miranda do Corvo Miranda do Corvo
8%
Évora Reguengos de Monsaraz Monsaraz
8%
Porto Paços de Ferreira Paços de Ferreira
8%
Braga Barcelos Pousa
8%
Aveiro Castelo de Paiva Real
8%
Viseu Penalva do Castelo Real
8%
Aveiro Aveiro Requeixo, Nossa Senhora de Fátima e Nariz
8%
Lisboa Sintra Rio de Mouro
8%
Porto Penafiel Rio Mau
8%
Vila Real Sabrosa Sabrosa
8%
Guarda Seia Sabugueiro
8%
Ilha de São Jorge Calheta Santo Antão
8%
Viseu São Pedro do Sul São Félix
8%
Beja Odemira São Teotónio
8%
Braga Guimarães Silvares
8%
Castelo Branco Fundão Silvares
8%
Castelo Branco Oleiros Sobral
8%
Viseu Mortágua Sobral
8%
Braga Vila Verde Soutelo
8%
Castelo Branco Fundão Telhado
8%
Braga Vieira do Minho União das freguesias de Anissó e Soutelo
8%
Braga Esposende União das freguesias de Apúlia e Fão
8%
Viana do Castelo Caminha União das freguesias de Caminha (Matriz) e Vilarelho
8%
Viseu Tondela União das freguesias de Caparrosa e Silvares
8%
Aveiro Aveiro União das freguesias de Glória e Vera Cruz
8%
Vila Real Santa Marta de Penaguião União das freguesias de Louredo e Fornelos
8%
Beja Ourique União das freguesias de Panoias e Conceição
8%
Viseu Penedono União das freguesias de Penedono e Granja
8%
Bragança Mogadouro União das freguesias de Remondes e Soutelo
8%
Guarda Seia União das freguesias de Vide e Cabeça
8%
Viana do Castelo Caminha Vile
8%
Ilha de São Miguel Nordeste Achada
7%
Braga Braga Adaúfe
7%
Lisboa Amadora Alfragide
7%
Leiria Alvaiázere Alvaiázere
7%
Aveiro Arouca Alvarenga
7%
Beja Moura Amareleja
7%
Setúbal Seixal Amora
7%
Castelo Branco Penamacor Aranhas
7%
Vila Real Boticas Ardãos e Bobadela
7%
Viana do Castelo Viana do Castelo Areosa
7%
Aveiro Santa Maria da Feira Argoncilhe
7%
Aveiro Vale de Cambra Arões
7%
Aveiro Santa Maria da Feira Arrifana
7%
Coimbra Vila Nova de Poiares Arrifana
7%
Guarda Guarda Arrifana
7%
Braga Vila Verde Atiães
7%
Lisboa Azambuja Aveiras de Cima
7%
Porto Lousada Aveleda
7%
Porto Vila do Conde Aveleda
7%
Lisboa Oeiras Barcarena
7%
Braga Barcelos Barqueiros
7%
Vila Real Mesão Frio Barqueiros
7%
Lisboa Lisboa Beato
7%
Coimbra Oliveira do Hospital Bobadela
7%
Aveiro Albergaria-a-Velha Branca
7%
Santarém Coruche Branca
7%
Braga Guimarães Brito
7%
Braga Vila Nova de Famalicão Brufe
7%
Braga Vila Verde Cabanelas
7%
Bragança Mirandela Cabanelas
7%
Braga Cabeceiras de Basto Cabeceiras de Basto
7%
Castelo Branco Sertã Cabeçudo
7%
Braga Amares Caires
7%
Ilha da Madeira Ponta do Sol Canhas
7%
Viseu Sernancelhe Carregal
7%
Braga Barcelos Carvalhas
7%
Porto Maia Castêlo da Maia
7%
Guarda Figueira de Castelo Rodrigo Castelo Rodrigo
7%
Coimbra Coimbra Cernache
7%
Setúbal Alcácer do Sal Comporta
7%
Santarém Constância Constância
7%
Setúbal Seixal Corroios
7%
Viana do Castelo Paredes de Coura Coura
7%
Braga Guimarães Creixomil
7%
Braga Braga Esporões
7%
Ilha da Madeira Santana Faial
7%
Setúbal Seixal Fernão Ferro
7%
Aveiro Santa Maria da Feira Fiães
7%
Guarda Trancoso Fiães
7%
Viana do Castelo Melgaço Fiães
7%
Braga Vila Nova de Famalicão Fradelos
7%
Porto Paços de Ferreira Freamunde
7%
Braga Vila Verde Freiriz
7%
Aveiro Ílhavo Gafanha da Encarnação
7%
Braga Póvoa de Lanhoso Galegos
7%
Porto Penafiel Galegos
7%
Braga Vila Verde Gême
7%
Braga Braga Gualtar
7%
Coimbra Oliveira do Hospital Lagares
7%
Vila Real Valpaços Lebução, Fiães e Nozelos
7%
Braga Vila Verde Loureira
7%
Aveiro Águeda Macinhata do Vouga
7%
Setúbal Grândola Melides
7%
Porto Vila do Conde Mindelo
7%
Lisboa Lisboa Misericórdia
7%
Santarém Alcanena Monsanto
7%
Viana do Castelo Arcos de Valdevez Monte Redondo
7%
Faro Aljezur Odeceixe
7%
Aveiro Aveiro Oliveirinha
7%
Coimbra Pampilhosa da Serra Pampilhosa da Serra
7%
Bragança Mirandela Passos
7%
Castelo Branco Sertã Pedrógão Pequeno
7%
Setúbal Palmela Pinhal Novo
7%
Guarda Pinhel Pinhel
7%
Ilha Terceira Angra do Heroísmo Porto Judeu
7%
Viana do Castelo Arcos de Valdevez Prozelo
7%
Ilha de São Miguel Ponta Delgada Relva
7%
Braga Barcelos Roriz
7%
Porto Santo Tirso Roriz
7%
Portalegre Campo Maior São João Baptista
7%
Portalegre Castelo de Vide São João Baptista
7%
Santarém Entroncamento São João Baptista
7%
Aveiro Santa Maria da Feira São João de Ver
7%
Faro Silves São Marcos da Serra
7%
Leiria Alcobaça São Martinho do Porto
7%
Ilha do Pico São Roque do Pico São Roque do Pico
7%
Santarém Sardoal Sardoal
7%
Braga Guimarães Selho (São Cristóvão)
7%
Braga Braga Sequeira
7%
Ilha de São Miguel Ponta Delgada Sete Cidades
7%
Viseu Tabuaço Tabuaço
7%
Braga Braga Tebosa
7%
Coimbra Cantanhede Tocha
7%
Ilha de São Jorge Calheta Topo (Nossa Senhora do Rosário)
7%
Setúbal Alcácer do Sal Torrão
7%
Braga Cabeceiras de Basto União das freguesias de Alvite e Passos
7%
Guarda Almeida União das freguesias de Azinhal, Peva e Valverde
7%
Braga Barcelos União das freguesias de Barcelos, Vila Boa e Vila Frescainha (São Martinho e São Pedro)
7%
Setúbal Barreiro União das freguesias de Barreiro e Lavradio
7%
Braga Barcelos União das freguesias de Campo e Tamel (São Pedro Fins)
7%
Viana do Castelo Vila Nova de Cerveira União das freguesias de Campos e Vila Meã
7%
Beja Castro Verde União das freguesias de Castro Verde e Casével
7%
Setúbal Almada União das freguesias de Charneca de Caparica e Sobreda
7%
Braga Barcelos União das freguesias de Chorente, Góios, Courel, Pedra Furada e Gueral
7%
Braga Terras de Bouro União das freguesias de Cibões e Brufe
7%
Leiria Alcobaça União das freguesias de Coz, Alpedriz e Montes
7%
Braga Braga União das freguesias de Crespos e Pousada
7%
Castelo Branco Castelo Branco União das freguesias de Escalos de Baixo e Mata
7%
Porto Porto União das freguesias de Lordelo do Ouro e Massarelos
7%
Porto Vila Nova de Gaia União das freguesias de Mafamude e Vilar do Paraíso
7%
Lisboa Torres Vedras União das freguesias de Maxial e Monte Redondo
7%
Viseu Santa Comba Dão União das freguesias de Ovoa e Vimieiro
7%
Vila Real Montalegre União das freguesias de Paradela, Contim e Fiães
7%
Aveiro Vagos União das freguesias de Ponte de Vagos e Santa Catarina
7%
Lisboa Odivelas União das freguesias de Ramada e Caneças
7%
Braga Braga União das freguesias de Real, Dume e Semelhe
7%
Portalegre Portalegre União das freguesias de Ribeira de Nisa e Carreiras
7%
Lisboa Loures União das freguesias de Santa Iria de Azoia, São João da Talha e Bobadela
7%
Santarém Tomar União das freguesias de Tomar (São João Baptista) e Santa Maria dos Olivais
7%
Vila Real Chaves União das freguesias de Travancas e Roriz
7%
Braga Braga União das freguesias de Vilaça e Fradelos
7%
Braga Vila Nova de Famalicão União das freguesias de Vila Nova de Famalicão e Calendário
7%
Viseu Armamar União das freguesias de Vila Seca e Santo Adrião
7%
Braga Amares União das freguesias de Vilela, Seramil e Paredes Secas
7%
Braga Vila Verde Valdreu
7%
Évora Portel Vera Cruz
7%
Leiria Marinha Grande Vieira de Leiria
7%
Leiria Pombal Vila Cã
7%
Porto Amarante Vila Meã
7%
Beja Alvito Vila Nova da Baronia
7%
Vila Real Vila Pouca de Aguiar Vila Pouca de Aguiar
7%
Braga Barcelos Vila Seca
7%
Braga Póvoa de Lanhoso Vilela
7%
Porto Paredes Vilela
7%
Évora Arraiolos Vimieiro
7%
Aveiro Águeda Aguada de Cima
6%
Évora Viana do Alentejo Alcáçovas
6%
Castelo Branco Fundão Alcaria
6%
Porto Valongo Alfena
6%
Guarda Fornos de Algodres Algodres
6%
Portalegre Alter do Chão Alter do Chão
6%
Leiria Óbidos Amoreira
6%
Viana do Castelo Ponte de Lima Anais
6%
Santarém Vila Nova da Barquinha Atalaia
6%
Braga Guimarães Azurém
6%
Porto Póvoa de Varzim Balazar
6%
Castelo Branco Penamacor Benquerença
6%
Ilha Terceira Vila da Praia da Vitória Biscoitos
6%
Braga Barcelos Carapeços
6%
Braga Terras de Bouro Carvalheira
6%
Santarém Mação Carvoeiro
6%
Braga Vila Verde Cervães
6%
Viana do Castelo Vila Nova de Cerveira Covas
6%
Braga Póvoa de Lanhoso Covelas
6%
Porto Trofa Covelas
6%
Ilha da Madeira Câmara de Lobos Curral das Freiras
6%
Guarda Vila Nova de Foz Côa Custóias
6%
Aveiro Aveiro Esgueira
6%
Lisboa Amadora Falagueira-Venda Nova
6%
Ilha das Flores Lajes das Flores Fazenda
6%
Ilha Terceira Angra do Heroísmo Feteira
6%
Ilha do Faial Horta Feteira
6%
Porto Penafiel Fonte Arcada
6%
Viseu Armamar Fontelo
6%
Santarém Abrantes Fontes
6%
Vila Real Santa Marta de Penaguião Fontes
6%
Ilha Terceira Vila da Praia da Vitória Fontinhas
6%
Leiria Caldas da Rainha Foz do Arelho
6%
Ilha de São Miguel Povoação Furnas
6%
Braga Guimarães Gonça
6%
Leiria Pedrógão Grande Graça
6%
Porto Penafiel Guilhufe e Urrô
6%
Braga Póvoa de Lanhoso Lanhoso
6%
Braga Barcelos Lijó
6%
Viana do Castelo Ponte da Barca Lindoso
6%
Ilha da Madeira Ponta do Sol Madalena do Mar
6%
Porto Vila do Conde Modivas
6%
Portalegre Arronches Mosteiros
6%
Ilha de São Miguel Ponta Delgada Mosteiros
6%
Braga Guimarães Nespereira
6%
Guarda Gouveia Nespereira
6%
Viseu Cinfães Nespereira
6%
Aveiro Santa Maria da Feira Nogueira da Regedoura
6%
Aveiro Oliveira do Bairro Oiã
6%
Viseu Cinfães Oliveira do Douro
6%
Faro Albufeira Paderne
6%
Viana do Castelo Melgaço Paderne
6%
Porto Maia Pedrouços
6%
Coimbra Pampilhosa da Serra Pessegueiro
6%
Braga Braga Priscos
6%
Viseu Armamar Queimadela
6%
Coimbra Figueira da Foz Quiaios
6%
Setúbal Sesimbra Quinta do Conde
6%
Porto Santo Tirso Rebordões
6%
Porto Paredes Rebordosa
6%
Évora Reguengos de Monsaraz Reguengos de Monsaraz
6%
Ilha de São Miguel Ribeira Grande Ribeirinha
6%
Ilha Terceira Angra do Heroísmo Ribeirinha
6%
Ilha do Pico Lajes do Pico Ribeirinha
6%
Ilha do Faial Horta Ribeirinha
6%
Braga Terras de Bouro Rio Caldo
6%
Viana do Castelo Arcos de Valdevez Rio Frio
6%
Aveiro Santa Maria da Feira Rio Meão
6%
Aveiro Arouca Rossas
6%
Braga Vieira do Minho Rossas
6%
Braga Vila Verde Sabariz
6%
Leiria Caldas da Rainha Santa Catarina
6%
Aveiro Santa Maria da Feira Santa Maria de Lamas
6%
Beja Almodôvar São Barnabé
6%
Braga Guimarães São Torcato
6%
Lisboa Sobral de Monte Agraço Sobral de Monte Agraço
6%
Braga Braga Tadim
6%
Bragança Torre de Moncorvo Torre de Moncorvo
6%
Porto Póvoa de Varzim União das freguesias da Póvoa de Varzim, Beiriz e Argivai
6%
Aveiro Águeda União das freguesias de Águeda e Borralha
6%
Leiria Porto de Mós União das freguesias de Alvados e Alcaria
6%
Aveiro Arouca União das freguesias de Arouca e Burgo
6%
Viana do Castelo Viana do Castelo União das freguesias de Barroselas e Carvoeiro
6%
Aveiro Arouca União das freguesias de Canelas e Espiunca
6%
Leiria Leiria União das freguesias de Colmeias e Memória
6%
Braga Braga União das freguesias de Ferreiros e Gondizalves
6%
Porto Lousada União das freguesias de Figueiras e Covas
6%
Bragança Mirandela União das freguesias de Franco e Vila Boa
6%
Portalegre Gavião União das freguesias de Gavião e Atalaia
6%
Faro Lagoa União das freguesias de Lagoa e Carvoeiro
6%
Guarda Almeida União das freguesias de Leomil, Mido, Senouras e Aldeia Nova
6%
Lisboa Lourinhã União das freguesias de Lourinhã e Atalaia
6%
Guarda Gouveia União das freguesias de Moimenta da Serra e Vinhó
6%
Viseu Tondela União das freguesias de Mouraz e Vila Nova da Rainha
6%
Viana do Castelo Viana do Castelo União das freguesias de Nogueira, Meixedo e Vilar de Murteda
6%
Braga Braga União das freguesias de Nogueiró e Tenões
6%
Bragança Alfândega da Fé União das freguesias de Pombal e Vales
6%
Lisboa Sintra União das freguesias de Queluz e Belas
6%
Braga Vieira do Minho União das freguesias de Ruivães e Campos
6%
Braga Guimarães União das freguesias de Sande São Lourenço e Balazar
6%
Braga Braga União das freguesias de Santa Lucrécia de Algeriz e Navarra
6%
Braga Barcelos União das freguesias de Vila Cova e Feitos
6%
Setúbal Seixal União das freguesias do Seixal, Arrentela e Aldeia de Paio Pires
6%
Braga Fafe União de freguesias de Monte e Queimadela
6%
Braga Fafe União de freguesias de Moreira do Rei e Várzea Cova
6%
Vila Real Valpaços Vales
6%
Braga Vila Nova de Famalicão Vermoim
6%
Guarda Sabugal Vila Boa
6%
Braga Vila Verde Vila de Prado
6%
Viseu São Pedro do Sul Vila Maior
6%
Santarém Vila Nova da Barquinha Vila Nova da Barquinha
6%
Lisboa Azambuja Vila Nova da Rainha
6%
Guarda Vila Nova de Foz Côa Vila Nova de Foz Côa
6%
Braga Barcelos Aborim
5%
Viseu Armamar Aldeias
5%
Braga Barcelos Aldreu
5%
Faro Castro Marim Altura
5%
Porto Amarante Ansiães
5%
Ilha da Madeira Calheta Arco da Calheta
5%
Ilha da Madeira Santana Arco de São Jorge
5%
Ilha de São Miguel Ponta Delgada Arrifes
5%
Porto Vila do Conde Azurara
5%
Braga Terras de Bouro Balança
5%
Porto Paredes Baltar
5%
Leiria Alcobaça Benedita
5%
Beja Beja Beringel
5%
Beja Beja Cabeça Gorda
5%
Braga Barcelos Cambeses
5%
Viana do Castelo Monção Cambeses
5%
Ilha de São Miguel Ponta Delgada Candelária
5%
Ilha do Pico Madalena Candelária
5%
Aveiro Vale de Cambra Cepelos
5%
Braga Vila Verde Coucieiro
5%
Viana do Castelo Caminha Dem
5%
Braga Vila Verde Dossãos
5%
Coimbra Condeixa-a-Nova Ega
5%
Porto Penafiel Eja
5%
Ilha da Madeira Câmara de Lobos Estreito de Câmara de Lobos
5%
Lisboa Loures Fanhões
5%
Guarda Figueira de Castelo Rodrigo Figueira de Castelo Rodrigo
5%
Porto Maia Folgosa
5%
Viseu Armamar Folgosa
5%
Guarda Fornos de Algodres Fornos de Algodres
5%
Braga Barcelos Fragoso
5%
Aveiro Vagos Gafanha da Boa Hora
5%
Coimbra Lousã Gândaras
5%
Ilha da Madeira Santa Cruz Gaula
5%
Braga Guimarães Gondar
5%
Porto Amarante Gondar
5%
Braga Terras de Bouro Gondoriz
5%
Viana do Castelo Arcos de Valdevez Gondoriz
5%
Ilha da Madeira Funchal Imaculado Coração de Maria
5%
Ilha da Madeira Câmara de Lobos Jardim da Serra
5%
Braga Vila Nova de Famalicão Joane
5%
Aveiro Vale de Cambra Junqueira
5%
Porto Vila do Conde Junqueira
5%
Bragança Macedo de Cavaleiros Lombo
5%
Beja Odemira Longueira/Almograve
5%
Braga Vila Nova de Famalicão Lousado
5%
Braga Barcelos Macieira de Rates
5%
Braga Braga Mire de Tibães
5%
Aveiro Santa Maria da Feira Mozelos
5%
Viana do Castelo Paredes de Coura Mozelos
5%
Porto Trofa Muro
5%
Lisboa Alenquer Ota
5%
Braga Braga Padim da Graça
5%
Braga Vila Verde Parada de Gatim
5%
Ilha da Madeira Calheta Paul do Mar
5%
Aveiro Sever do Vouga Pessegueiro do Vouga
5%
Vila Real Alijó Pinhão
5%
Lisboa Oeiras Porto Salvo
5%
Ilha da Madeira Calheta Prazeres
5%
Ilha da Madeira Câmara de Lobos Quinta Grande
5%
Bragança Vinhais Rebordelo
5%
Porto Amarante Rebordelo
5%
Braga Póvoa de Lanhoso Rendufinho
5%
Braga Fafe Ribeiros
5%
Braga Barcelos Rio Covo (Santa Eugénia)
5%
Aveiro Sever do Vouga Rocas do Vouga
5%
Braga Braga Ruilhe
5%
Leiria Caldas da Rainha Salir de Matos
5%
Aveiro Aveiro São Bernardo
5%
Braga Póvoa de Lanhoso São João de Rei
5%
Beja Castro Verde São Marcos da Ataboeira
5%
Beja Beja São Matias
5%
Portalegre Nisa São Matias
5%
Setúbal Montijo Sarilhos Grandes
5%
Ilha da Madeira Ribeira Brava Serra de Água
5%
Aveiro Espinho Silvalde
5%
Santarém Vila Nova da Barquinha Tancos
5%
Braga Fafe Travassós
5%
Braga Póvoa de Lanhoso Travassos
5%
Braga Barcelos Ucha
5%
Aveiro Mealhada União das freguesias da Mealhada, Ventosa do Bairro e Antes
5%
Braga Guimarães União das freguesias de Abação e Gémeos
5%
Évora Alandroal União das freguesias de Alandroal (Nossa Senhora da Conceição), São Brás dos Matos (Mina do Bugalho) e Juromenha (Nossa Senhora do Loreto)
5%
Setúbal Alcácer do Sal União das freguesias de Alcácer do Sal (Santa Maria do Castelo e Santiago) e Santa Susana
5%
Faro Alcoutim União das freguesias de Alcoutim e Pereiro
5%
Braga Celorico de Basto União das freguesias de Britelo, Gémeos e Ourilhe
5%
Viana do Castelo Vila Nova de Cerveira União das freguesias de Candemil e Gondar
5%
Bragança Macedo de Cavaleiros União das freguesias de Castelãos e Vilar do Monte
5%
Vila Real Ribeira de Pena União das freguesias de Cerva e Limões
5%
Santarém Cartaxo União das freguesias de Ereira e Lapa
5%
Setúbal Almada União das freguesias de Laranjeiro e Feijó
5%
Lisboa Sintra União das freguesias de Massamá e Monte Abraão
5%
Viana do Castelo Monção União das freguesias de Mazedo e Cortes
5%
Bragança Mogadouro União das freguesias de Mogadouro, Valverde, Vale de Porco e Vilar de Rei
5%
Braga Braga União das freguesias de Nogueira, Fraião e Lamaçães
5%
Setúbal Barreiro União das freguesias de Palhais e Coina
5%
Leiria Leiria União das freguesias de Parceiros e Azoia
5%
Lisboa Loures União das freguesias de Santo Antão e São Julião do Tojal
5%
Lisboa Sintra União das freguesias de São João das Lampas e Terrugem
5%
Braga Barcelos União das freguesias de Tamel (Santa Leocádia) e Vilar do Monte
5%
Viseu Tabuaço União das freguesias de Távora e Pereiro
5%
Viana do Castelo Viana do Castelo União das freguesias de Torre e Vila Mou
5%
Viana do Castelo Melgaço União das freguesias de Vila e Roussas
5%
Aveiro Arouca Urrô
5%
Évora Viana do Alentejo Viana do Alentejo
5%
Aveiro Oliveira de Azeméis Vila de Cucujães
5%
Bragança Alfândega da Fé Vilar Chão
5%
Viseu Viseu Abraveses
4%
Ilha da Madeira Porto Moniz Achadas da Cruz
4%
Braga Barcelos Adães
4%
Viana do Castelo Viana do Castelo Afife
4%
Porto Santo Tirso Agrela
4%
Ilha da Madeira Machico Água de Pena
4%
Leiria Figueiró dos Vinhos Aguda
4%
Braga Barcelos Airó
4%
Castelo Branco Castelo Branco Alcains
4%
Beja Mértola Alcaria Ruiva
4%
Guarda Guarda Aldeia do Bispo
4%
Guarda Sabugal Aldeia do Bispo
4%
Beja Almodôvar Aldeia dos Fernandes
4%
Guarda Trancoso Aldeia Nova
4%
Guarda Sabugal Aldeia Velha
4%
Portalegre Avis Aldeia Velha
4%
Leiria Pombal Almagreira
4%
Ilha de Santa Maria Vila do Porto Almagreira
4%
Castelo Branco Fundão Alpedrinha
4%
Coimbra Figueira da Foz Alqueidão
4%
Braga Barcelos Alvelos
4%
Bragança Macedo de Cavaleiros Amendoeira
4%
Coimbra Cantanhede Ançã
4%
Aveiro Aveiro Aradas
4%
Bragança Macedo de Cavaleiros Arcas
4%
Braga Fafe Armil
4%
Lisboa Azambuja Aveiras de Baixo
4%
Beja Beja Baleizão
4%
Braga Barcelos Balugães
4%
Guarda Mêda Barreira
4%
Leiria Alcobaça Bárrio
4%
Santarém Almeirim Benfica do Ribatejo
4%
Viana do Castelo Ponte de Lima Boalhosa
4%
Ilha da Madeira São Vicente Boa Ventura
4%
Beja Odemira Boavista dos Pinheiros
4%
Braga Cabeceiras de Basto Bucos
4%
Viseu Moimenta da Beira Cabaços
4%
Viana do Castelo Ponte de Lima Cabaços e Fojo Lobal
4%
Viseu Carregal do Sal Cabanas de Viriato
4%
Açores Lagoa Cabouco
4%
Aveiro Vagos Calvão
4%
Viana do Castelo Ponte de Lima Calvelo
4%
Ilha da Madeira Ribeira Brava Campanário
4%
Viseu Vouzela Campia
4%
Braga Terras de Bouro Campo do Gerês
4%
Braga Vieira do Minho Cantelães
4%
Porto Penafiel Capela
4%
Ilha do Faial Horta Capelo
4%
Leiria Leiria Caranguejeira
4%
Viseu Carregal do Sal Carregal do Sal
4%
Aveiro Oliveira de Azeméis Carregosa
4%
Ilha das Flores Santa Cruz das Flores Caveira
4%
Ilha do Faial Horta Cedros
4%
Ilha das Flores Santa Cruz das Flores Cedros
4%
Bragança Vinhais Celas
4%
Vila Real Sabrosa Celeirós
4%
Bragança Macedo de Cavaleiros Chacim
4%
Guarda Vila Nova de Foz Côa Chãs
4%
Porto Maia Cidade da Maia
4%
Ilha Terceira Angra do Heroísmo Cinco Ribeiras
4%
Lisboa Sintra Colares
4%
Beja Odemira Colos
4%
Viana do Castelo Ponte de Lima Correlhã
4%
Santarém Coruche Couço
4%
Aveiro Sever do Vouga Couto de Esteves
4%
Braga Terras de Bouro Covide
4%
Ilha do Pico Madalena Criação Velha
4%
Braga Barcelos Cristelo
4%
Porto Paredes Cristelo
4%
Viana do Castelo Paredes de Coura Cunha
4%
Viseu Sernancelhe Cunha
4%
Braga Vila Nova de Famalicão Delães
4%
Ilha Terceira Angra do Heroísmo Doze Ribeiras
4%
Lisboa Mafra Encarnação
4%
Beja Castro Verde Entradas
4%
Beja Aljustrel Ervidel
4%
Aveiro Santa Maria da Feira Escapães
4%
Portalegre Arronches Esperança
4%
Beja Mértola Espírito Santo
4%
Ilha da Madeira Calheta Estreito da Calheta
4%
Ilha da Madeira Calheta Fajã da Ovelha
4%
Ilha de São Miguel Ponta Delgada Fajã de Baixo
4%
Ilha de São Miguel Ponta Delgada Fajã de Cima
4%
Ilha das Flores Lajes das Flores Fajã Grande
4%
Ilha das Flores Lajes das Flores Fajãzinha
4%
Aveiro Oliveira de Azeméis Fajões
4%
Beja Cuba Faro do Alentejo
4%
Ilha de São Miguel Ponta Delgada Fenais da Luz
4%
Aveiro Águeda Fermentelos
4%
Leiria Peniche Ferrel
4%
Braga Celorico de Basto Fervença
4%
Ilha de São Miguel Ponta Delgada Feteiras
4%
Ilha Terceira Vila da Praia da Vitória Fonte do Bastardo
4%
Bragança Bragança França
4%
Coimbra Condeixa-a-Nova Furadouro
4%
Aveiro Ílhavo Gafanha do Carmo
4%
Braga Póvoa de Lanhoso Garfe
4%
Viana do Castelo Arcos de Valdevez Gavieira
4%
Braga Póvoa de Lanhoso Geraz do Minho
4%
Braga Barcelos Gilmonde
4%
Ilha de São Miguel Ponta Delgada Ginetes
4%
Guarda Guarda Gonçalo
4%
Bragança Macedo de Cavaleiros Grijó
4%
Ilha Graciosa Santa Cruz da Graciosa Guadalupe
4%
Braga Guimarães Guardizela
4%
Braga Vieira do Minho Guilhofrei
4%
Ilha da Madeira Calheta Jardim do Mar
4%
Leiria Porto de Mós Juncal
4%
Viseu Lamego Lalim
4%
Braga Vila Verde Lanhas
4%
Viana do Castelo Caminha Lanhelas
4%
Viana do Castelo Viana do Castelo Lanheses
4%
Viana do Castelo Ponte da Barca Lavradas
4%
Viseu Lamego Lazarim
4%
Braga Guimarães Longos
4%
Braga Vieira do Minho Louredo
4%
Porto Amarante Louredo
4%
Porto Paredes Louredo
4%
Aveiro Oliveira de Azeméis Loureiro
4%
Vila Real Peso da Régua Loureiro
4%
Beja Odemira Luzianes-Gare
4%
Aveiro Ovar Maceda
4%
Castelo Branco Oleiros Madeirã
4%
Braga Barcelos Manhente
4%
Coimbra Tábua Midões
4%
Lisboa Amadora Mina de Água
4%
Viseu Castro Daire Moledo
4%
Braga Póvoa de Lanhoso Monsul
4%
Portalegre Ponte de Sor Montargil
4%
Faro Faro Montenegro
4%
Bragança Macedo de Cavaleiros Morais
4%
Guarda Trancoso Moreira de Rei
4%
Santarém Entroncamento Nossa Senhora de Fátima
4%
Lisboa Alenquer Olhalvo
4%
Bragança Macedo de Cavaleiros Olmos
4%
Aveiro Santa Maria da Feira Paços de Brandão
4%
Bragança Miranda do Douro Palaçoulo
4%
Aveiro Oliveira do Bairro Palhaça
4%
Braga Barcelos Panque
4%
Braga Vieira do Minho Parada de Bouro
4%
Aveiro Espinho Paramos
4%
Ilha do Faial Horta Pedro Miguel
4%
Viana do Castelo Melgaço Penso
4%
Bragança Macedo de Cavaleiros Peredo
4%
Braga Barcelos Perelhal
4%
Porto Penafiel Perozelo
4%
Ilha do Pico Lajes do Pico Piedade
4%
Braga Guimarães Polvoreira
4%
Ilha da Madeira Calheta Ponta do Pargo
4%
Ilha da Madeira Machico Porto da Cruz
4%
Ilha Terceira Vila da Praia da Vitória Porto Martins
4%
Ilha Terceira Angra do Heroísmo Posto Santo
4%
Ilha do Faial Horta Praia do Norte
4%
Braga Guimarães Prazins (Santa Eufémia)
4%
Ilha Terceira Vila da Praia da Vitória Quatro Ribeiras
4%
Setúbal Palmela Quinta do Anjo
4%
Guarda Mêda Ranhados
4%
Viseu Viseu Ranhados
4%
Porto Póvoa de Varzim Rates
4%
Porto Paredes Recarei
4%
Leiria Batalha Reguengo do Fetal
4%
Braga Celorico de Basto Ribas
4%
Ilha da Madeira Porto Moniz Ribeira da Janela
4%
Braga Vila Nova de Famalicão Ribeirão
4%
Ilha do Pico Lajes do Pico Ribeiras
4%
Ilha de São Miguel Ribeira Grande Ribeira Seca
4%
Ilha de São Miguel Vila Franca do Campo Ribeira Seca
4%
Ilha de São Jorge Calheta Ribeira Seca
4%
Viseu Viseu Rio de Loba
4%
Braga Cabeceiras de Basto Rio Douro
4%
Leiria Bombarral Roliça
4%
Braga Guimarães Ronfe
4%
Ilha de São Miguel Ponta Delgada Rosto do Cão (Livramento)
4%
Ilha do Faial Horta Salão
4%
Bragança Macedo de Cavaleiros Salselas
4%
Setúbal Alcochete Samouco
4%
Bragança Vila Flor Sampaio
4%
Coimbra Soure Samuel
4%
Vila Real Chaves Sanfins
4%
Aveiro Anadia Sangalhos
4%
Beja Odemira Santa Clara-a-Velha
4%
Aveiro Castelo de Paiva Santa Maria de Sardoura
4%
Portalegre Monforte Santo Aleixo
4%
Ilha da Madeira Machico Santo António da Serra
4%
Ilha da Madeira Santa Cruz Santo António da Serra
4%
Ilha de Santa Maria Vila do Porto Santo Espírito
4%
Coimbra Cantanhede São Caetano
4%
Ilha do Pico Madalena São Caetano
4%
Évora Montemor-o-Novo São Cristóvão
4%
Lisboa Cascais São Domingos de Rana
4%
Porto Vila Nova de Gaia São Félix da Marinha
4%
Aveiro Castelo de Paiva São Martinho de Sardoura
4%
Ilha Terceira Angra do Heroísmo São Mateus da Calheta
4%
Aveiro Arouca São Miguel do Mato
4%
Viseu Vouzela São Miguel do Mato
4%
Castelo Branco Castelo Branco São Vicente da Beira
4%
Beja Vidigueira Selmes
4%
Porto Felgueiras Sendim
4%
Viseu Tabuaço Sendim
4%
Braga Guimarães Serzedelo
4%
Braga Póvoa de Lanhoso Serzedelo
4%
Lisboa Torres Vedras Silveira
4%
Viana do Castelo Arcos de Valdevez Sistelo
4%
Viana do Castelo Arcos de Valdevez Soajo
4%
Porto Paredes Sobreira
4%
Braga Braga Sobreposta
4%
Guarda Sabugal Sortelha
4%
Bragança Bragança Sortes
4%
Viseu São Pedro do Sul Sul
4%
Aveiro Sever do Vouga Talhadas
4%
Braga Barcelos Tamel (São Veríssimo)
4%
Ilha Terceira Angra do Heroísmo Terra Chã
4%
Aveiro Murtosa Torreira
4%
Bragança Vila Flor Trindade
4%
Castelo Branco Sertã Troviscal
4%
Braga Vila Verde Turiz
4%
Leiria Alcobaça Turquel
4%
Santarém Abrantes União das freguesias de Abrantes (São Vicente e São João) e Alferrarede
4%
Bragança Alfândega da Fé União das freguesias de Agrobom, Saldonha e Vale Pereiro
4%
Beja Beja União das freguesias de Albernoa e Trindade
4%
Braga Barcelos União das freguesias de Alheira e Igreja Nova
4%
Braga Vila Nova de Famalicão União das freguesias de Antas e Abade de Vermoim
4%
Braga Braga União das freguesias de Arentim e Cunha
4%
Bragança Bragança União das freguesias de Aveleda e Rio de Onor
4%
Coimbra Tábua União das freguesias de Ázere e Covelo
4%
Setúbal Moita União das freguesias de Baixa da Banheira e Vale da Amoreira
4%
Viseu Viseu União das freguesias de Barreiros e Cepões
4%
Aveiro Águeda União das freguesias de Barrô e Aguada de Baixo
4%
Viana do Castelo Paredes de Coura União das freguesias de Bico e Cristelo
4%
Braga Guimarães União das freguesias de Briteiros Santo Estêvão e Donim
4%
Aveiro Oliveira do Bairro União das freguesias de Bustos, Troviscal e Mamarrosa
4%
Coimbra Góis União das freguesias de Cadafaz e Colmeal
4%
Leiria Caldas da Rainha União das freguesias de Caldas da Rainha - Santo Onofre e Serra do Bouro
4%
Lisboa Loures União das freguesias de Camarate, Unhos e Apelação
4%
Porto Valongo União das freguesias de Campo e Sobrado
4%
Braga Póvoa de Lanhoso União das freguesias de Campos e Louredo
4%
Setúbal Almada União das freguesias de Caparica e Trafaria
4%
Lisboa Oeiras União das freguesias de Carnaxide e Queijas
4%
Lisboa Alenquer União das freguesias de Carregado e Cadafais
4%
Vila Real Murça União das freguesias de Carva e Vilares
4%
Viseu São Pedro do Sul União das freguesias de Carvalhais e Candal
4%
Coimbra Arganil União das freguesias de Cepos e Teixeira
4%
Braga Guimarães União das freguesias de Conde e Gandarela
4%
Braga Braga União das freguesias de Escudeiros e Penso (Santo Estêvão e São Vicente)
4%
Braga Vila Nova de Famalicão União das freguesias de Esmeriz e Cabeçudos
4%
Braga Póvoa de Lanhoso União das freguesias de Esperança e Brunhais
4%
Faro Lagoa União das freguesias de Estômbar e Parchal
4%
Beja Ferreira do Alentejo União das freguesias de Ferreira do Alentejo e Canhestros
4%
Porto Gondomar União das freguesias de Foz do Sousa e Covelo
4%
Castelo Branco Fundão União das freguesias de Fundão, Valverde, Donas, Aldeia de Joanes e Aldeia Nova do Cabo
4%
Setúbal Moita União das freguesias de Gaio-Rosário e Sarilhos Pequenos
4%
Braga Barcelos União das freguesias de Gamil e Midões
4%
Bragança Alfândega da Fé União das freguesias de Gebelim e Soeima
4%
Viana do Castelo Valença União das freguesias de Gondomil e Sanfins
4%
Braga Vila Nova de Famalicão União das freguesias de Lemenhe, Mouquim e Jesufrei
4%
Braga Barcelos União das freguesias de Milhazes, Vilar de Figos e Faria
4%
Viana do Castelo Caminha União das freguesias de Moledo e Cristelo
4%
Braga Braga União das freguesias de Morreira e Trandeiras
4%
Viseu Mortágua União das freguesias de Mortágua, Vale de Remígio, Cortegaça e Almaça
4%
Vila Real Peso da Régua União das freguesias de Moura Morta e Vinhós
4%
Braga Barcelos União das freguesias de Negreiros e Chavão
4%
Aveiro Oliveira de Azeméis União das freguesias de Nogueira do Cravo e Pindelo
4%
Setúbal Palmela União das freguesias de Poceirão e Marateca
4%
Bragança Macedo de Cavaleiros União das freguesias de Podence e Santa Combinha
4%
Portalegre Ponte de Sor União das freguesias de Ponte de Sor, Tramaga e Vale de Açor
4%
Lisboa Odivelas União das freguesias de Pontinha e Famões
4%
Viana do Castelo Arcos de Valdevez União das freguesias de Portela e Extremo
4%
Lisboa Odivelas União das freguesias de Póvoa de Santo Adrião e Olival Basto
4%
Braga Vila Nova de Famalicão União das freguesias de Ruivães e Novais
4%
Lisboa Loures União das freguesias de Sacavém e Prior Velho
4%
Beja Beja União das freguesias de Salvada e Quintos
4%
Vila Real Chaves União das freguesias de Santa Cruz/Trindade e Sanjurge
4%
Lisboa Lourinhã União das freguesias de São Bartolomeu dos Galegos e Moledo
4%
Braga Guimarães União das freguesias de Selho São Lourenço e Gominhães
4%
Braga Barcelos União das freguesias de Sequeade e Bastuço (São João e Santo Estevão)
4%
Leiria Leiria União das freguesias de Souto da Carpalhosa e Ortigosa
4%
Guarda Aguiar da Beira União das freguesias de Souto de Aguiar da Beira e Valverde
4%
Porto Felgueiras União das freguesias de Torrados e Sousa
4%
Aveiro Águeda União das freguesias de Travassô e Óis da Ribeira
4%
Guarda Trancoso União das freguesias de Vale do Seixo e Vila Garcia
4%
Braga Póvoa de Lanhoso União das freguesias de Verim, Friande e Ajude
4%
Braga Fafe União de freguesias de Agrela e Serafão
4%
Braga Guimarães Urgezes
4%
Leiria Nazaré Valado dos Frades
4%
Braga Terras de Bouro Valdosende
4%
Bragança Macedo de Cavaleiros Vale da Porca
4%
Guarda Celorico da Beira Vale de Azares
4%
Santarém Santarém Vale de Santarém
4%
Aveiro Águeda Valongo do Vouga
4%
Beja Vidigueira Vila de Frades
4%
Guarda Guarda Vila Garcia
4%
Porto Maia Vila Nova da Telha
4%
Braga Terras de Bouro Vilar da Veiga
4%
Leiria Alcobaça Vimeiro
4%
Lisboa Lourinhã Vimeiro
4%
Braga Fafe Vinhós
4%
Santarém Rio Maior Alcobertas
3%
Braga Guimarães Aldão
3%
Leiria Alcobaça Alfeizerão
3%
Setúbal Moita Alhos Vedros
3%
Faro Loulé Almancil
3%
Leiria Alvaiázere Almoster
3%
Santarém Santarém Almoster
3%
Ilha Terceira Angra do Heroísmo Altares
3%
Aveiro Albergaria-a-Velha Angeja
3%
Aveiro Estarreja Avanca
3%
Porto Santo Tirso Aves
3%
Santarém Golegã Azinhaga
3%
Ilha do Pico Madalena Bandeiras
3%
Viana do Castelo Monção Barroças e Taias
3%
Santarém Ferreira do Zêzere Bêco
3%
Castelo Branco Castelo Branco Benquerenças
3%
Viana do Castelo Ponte de Lima Bertiandos
3%
Porto Penafiel Boelhe
3%
Castelo Branco Fundão Bogas de Cima
3%
Viana do Castelo Ponte da Barca Boivães
3%
Faro Loulé Boliqueime
3%
Bragança Mirandela Bouça
3%
Beja Serpa Brinches
3%
Viana do Castelo Ponte da Barca Britelo
3%
Évora Mora Brotas
3%
Porto Penafiel Bustelo
3%
Vila Real Chaves Bustelo
3%
Viana do Castelo Ponte de Lima Cabração e Moreira do Lima
3%
Ilha do Pico Lajes do Pico Calheta de Nesquim
3%
Lisboa Sintra Casal de Cambra
3%
Guarda Vila Nova de Foz Côa Castelo Melhor
3%
Bragança Mogadouro Castro Vicente
3%
Viana do Castelo Arcos de Valdevez Cendufe
3%
Setúbal Santiago do Cacém Cercal
3%
Santarém Ferreira do Zêzere Chãos
3%
Aveiro Ovar Cortegaça
3%
Braga Barcelos Cossourado
3%
Porto Penafiel Croca
3%
Viana do Castelo Viana do Castelo Darque
3%
Coimbra Pampilhosa da Serra Dornelas do Zêzere
3%
Coimbra Montemor-o-Velho Ereira
3%
Ilha de São Miguel Povoação Faial da Terra
3%
Ilha de São Miguel Ribeira Grande Fenais da Ajuda
3%
Braga Guimarães Fermentões
3%
Faro Lagoa Ferragudo
3%
Faro Albufeira Ferreiras
3%
Castelo Branco Covilhã Ferro
3%
Ilha do Faial Horta Flamengos
3%
Bragança Carrazeda de Ansiães Fonte Longa
3%
Castelo Branco Vila de Rei Fundada
3%
Braga Esposende Gemeses
3%
Braga Fafe Golães
3%
Viseu Tondela Guardão
3%
Braga Guimarães Infantas
3%
Viana do Castelo Ponte de Lima Labruja
3%
Ilha das Flores Lajes das Flores Lajedo
3%
Porto Póvoa de Varzim Laundos
3%
Bragança Carrazeda de Ansiães Linhares
3%
Guarda Celorico da Beira Linhares
3%
Ilha de São Miguel Nordeste Lomba da Fazenda
3%
Ilha de São Miguel Ribeira Grande Lomba da Maia
3%
Guarda Fornos de Algodres Maceira
3%
Leiria Leiria Maceira
3%
Coimbra Figueira da Foz Maiorca
3%
Viseu São Pedro do Sul Manhouce
3%
Guarda Mêda Marialva
3%
Santarém Salvaterra de Magos Marinhais
3%
Viseu Moimenta da Beira Moimenta da Beira
3%
Aveiro Arouca Moldes
3%
Santarém Abrantes Mouriscas
3%
Guarda Sabugal Nave
3%
Coimbra Oliveira do Hospital Nogueira do Cravo
3%
Ilha de São Jorge Velas Norte Grande (Neves)
3%
Ilha de São Jorge Calheta Norte Pequeno
3%
Beja Beja Nossa Senhora das Neves
3%
Ilha de São Miguel Povoação Nossa Senhora dos Remédios
3%
Viseu Viseu Orgens
3%
Viana do Castelo Arcos de Valdevez Padroso
3%
Viseu Tondela Parada de Gonta
3%
Braga Braga Pedralva
3%
Leiria Porto de Mós Pedreiras
3%
Braga Guimarães Pencelo
3%
Santarém Golegã Pombalinho
3%
Ilha de São Miguel Vila Franca do Campo Ponta Garça
3%
Santarém Cartaxo Pontével
3%
Ilha de São Miguel Ribeira Grande Porto Formoso
3%
Guarda Celorico da Beira Prados
3%
Coimbra Mira Praia de Mira
3%
Ilha do Faial Horta Praia do Almoxarife
3%
Ilha do Pico São Roque do Pico Prainha
3%
Bragança Bragança Rabal
3%
Ilha Terceira Angra do Heroísmo Raminho
3%
Beja Odemira Relíquias
3%
Ilha de São Miguel Ponta Delgada Remédios
3%
Santarém Torres Novas Riachos
3%
Aveiro Albergaria-a-Velha Ribeira de Fráguas
3%
Ilha de São Miguel Povoação Ribeira Quente
3%
Aveiro Vale de Cambra Roge
3%
Ilha de São Jorge Velas Rosais
3%
Beja Almodôvar Rosário
3%
Beja Odemira Sabóia
3%
Braga Vieira do Minho Salamonde
3%
Faro Faro Santa Bárbara de Nexe
3%
Vila Real Chaves Santa Leocádia
3%
Beja Ourique Santana da Serra
3%
Coimbra Coimbra Santo António dos Olivais
3%
Faro Silves São Bartolomeu de Messines
3%
Beja Aljustrel São João de Negrilhos
3%
Beja Odemira São Martinho das Amoreiras
3%
Aveiro Santa Maria da Feira São Paio de Oleiros
3%
Lisboa Torres Vedras São Pedro da Cadeira
3%
Ilha da Madeira Santana São Roque do Faial
3%
Lisboa Sobral de Monte Agraço Sapataria
3%
Coimbra Lousã Serpins
3%
Ilha Terceira Angra do Heroísmo Serreta
3%
Leiria Porto de Mós Serro Ventoso
3%
Braga Póvoa de Lanhoso Sobradelo da Goma
3%
Braga Póvoa de Lanhoso Taíde
3%
Bragança Macedo de Cavaleiros Talhas
3%
Coimbra Figueira da Foz Tavarede
3%
Guarda Seia Teixeira
3%
Castelo Branco Covilhã Tortosendo
3%
Vila Real Montalegre Tourém
3%
Santarém Chamusca Ulme
3%
Coimbra Pampilhosa da Serra Unhais-o-Velho
3%
Lisboa Torres Vedras União das freguesias de A dos Cunhados e Maceira
3%
Santarém Tomar União das freguesias de Além da Ribeira e Pedreira
3%
Bragança Vimioso União das freguesias de Algoso, Campo de Víboras e Uva
3%
Viseu Cinfães União das freguesias de Alhões, Bustelo, Gralheira e Ramires
3%
Lisboa Sintra União das freguesias de Almargem do Bispo, Pêro Pinheiro e Montelavar
3%
Braga Cabeceiras de Basto União das freguesias de Arco de Baúlhe e Vila Nune
3%
Leiria Porto de Mós União das freguesias de Arrimal e Mendiga
3%
Porto Póvoa de Varzim União das freguesias de Aver-o-Mar, Amorim e Terroso
3%
Setúbal Setúbal União das freguesias de Azeitão (São Lourenço e São Simão)
3%
Porto Baião União das freguesias de Baião (Santa Leocádia) e Mesquinhata
3%
Viseu Tabuaço União das freguesias de Barcos e Santa Leocádia
3%
Braga Póvoa de Lanhoso União das freguesias de Calvos e Frades
3%
Guarda Almeida União das freguesias de Castelo Mendo, Ade, Monteperobolso e Mesquitela
3%
Faro Faro União das freguesias de Conceição e Estoi
3%
Viana do Castelo Paredes de Coura União das freguesias de Cossourado e Linhares
3%
Aveiro Arouca União das freguesias de Covelo de Paivó e Janarde
3%
Portalegre Crato União das freguesias de Crato e Mártires, Flor da Rosa e Vale do Peso
3%
Braga Barcelos União das freguesias de Creixomil e Mariz
3%
Coimbra Soure União das freguesias de Degracias e Pombalinho
3%
Braga Vila Nova de Famalicão União das freguesias de Gondifelos, Cavalões e Outiz
3%
Bragança Bragança União das freguesias de Izeda, Calvelhe e Paradinha Nova
3%
Castelo Branco Fundão União das freguesias de Janeiro de Cima e Bogas de Baixo
3%
Guarda Fornos de Algodres União das freguesias de Juncais, Vila Ruiva e Vila Soeiro do Chão
3%
Coimbra Oliveira do Hospital União das freguesias de Lagos da Beira e Lajeosa
3%
Lisboa Cadaval União das freguesias de Lamas e Cercal
3%
Santarém Ourém União das freguesias de Matas e Cercal
3%
Viana do Castelo Viana do Castelo União das freguesias de Mazarefes e Vila Fria
3%
Vila Real Montalegre União das freguesias de Montalegre e Padroso
3%
Setúbal Montijo União das freguesias de Montijo e Afonsoeiro
3%
Santarém Salvaterra de Magos União das freguesias de Salvaterra de Magos e Foros de Salvaterra
3%
Beja Almodôvar União das freguesias de Santa Clara-a-Nova e Gomes Aires
3%
Beja Beja União das freguesias de Santa Vitória e Mombeja
3%
Lisboa Loures União das freguesias de Santo António dos Cavaleiros e Frielas
3%
Beja Mértola União das freguesias de São Miguel do Pinheiro, São Pedro de Solis e São Sebastião dos Carros
3%
Coimbra Penela União das freguesias de São Miguel, Santa Eufémia e Rabaçal
3%
Braga Guimarães União das freguesias de Tabuadelo e São Faustino
3%
Bragança Macedo de Cavaleiros União das freguesias de Talhinhas e Bagueixe
3%
Aveiro Anadia União das freguesias de Tamengos, Aguim e Óis do Bairro
3%
Leiria Caldas da Rainha União das freguesias de Tornada e Salir do Porto
3%
Beja Beja União das freguesias de Trigaches e São Brissos
3%
Bragança Macedo de Cavaleiros Vale de Prados
3%
Aveiro Ovar Válega
3%
Viana do Castelo Paredes de Coura Vascões
3%
Lisboa Amadora Venteira
3%
Beja Cuba Vila Alva
3%
Leiria Pedrógão Grande Vila Facaia
3%
Viana do Castelo Caminha Vila Praia de Âncora
3%
Bragança Vimioso Vilar Seco
3%
Viseu Nelas Vilar Seco
3%
Beja Cuba Vila Ruiva
3%
Beja Serpa Vila Verde de Ficalho
3%
Santarém Torres Novas Zibreira
3%
Leiria Pombal Abiul
2%
Viana do Castelo Arcos de Valdevez Aboim das Choças
2%
Porto Penafiel Abragão
2%
Ilha de São Miguel Nordeste Achadinha
2%
Leiria Caldas da Rainha A dos Francos
2%
Ilha de São Miguel Lagoa Água de Pau
2%
Porto Santo Tirso Água Longa
2%
Viana do Castelo Paredes de Coura Agualonga
2%
Ilha de São Miguel Povoação Água Retorta
2%
Lisboa Amadora Águas Livres
2%
Santarém Santarém Alcanede
2%
Santarém Santarém Alcanhões
2%
Santarém Sardoal Alcaravela
2%
Viseu Vouzela Alcofra
2%
Castelo Branco Fundão Alcongosta
2%
Portalegre Nisa Alpalhão
2%
Leiria Porto de Mós Alqueidão da Serra
2%
Aveiro Albergaria-a-Velha Alquerubim
2%
Coimbra Góis Alvares
2%
Guarda Pinhel Alverca da Beira/Bouça Cova
2%
Viana do Castelo Caminha Âncora
2%
Braga Celorico de Basto Arnóia
2%
Leiria Leiria Arrabal
2%
Santarém Ourém Atouguia
2%
Aveiro Anadia Avelãs de Caminho
2%
Viana do Castelo Arcos de Valdevez Ázere
2%
Setúbal Grândola Azinheira dos Barros e São Mamede do Sádão
2%
Bragança Bragança Babe
2%
Castelo Branco Fundão Barroca
2%
Santarém Benavente Barrosa
2%
Castelo Branco Covilhã Boidobra
2%
Viana do Castelo Ponte da Barca Bravães
2%
Coimbra Pampilhosa da Serra Cabril
2%
Vila Real Montalegre Cabril
2%
Viseu Castro Daire Cabril
2%
Coimbra Cantanhede Cadima
2%
Viana do Castelo Ponte de Lima Calheiros
2%
Ilha de São Miguel Ribeira Grande Calhetas
2%
Leiria Porto de Mós Calvaria de Cima
2%
Vila Real Valpaços Canaveses
2%
Portalegre Sousel Cano
2%
Castelo Branco Belmonte Caria
2%
Viseu Moimenta da Beira Caria
2%
Bragança Mirandela Carvalhais
2%
Castelo Branco Fundão Castelo Novo
2%
Aveiro Oliveira de Azeméis Cesar
2%
Porto Paredes Cete
2%
Bragança Bragança Coelhoso
2%
Beja Mértola Corte do Pinto
2%
Viana do Castelo Ponte da Barca Cuide de Vila Verde
2%
Bragança Bragança Donai
2%
Porto Póvoa de Varzim Estela
2%
Braga Fafe Estorãos
2%
Viana do Castelo Ponte de Lima Estorãos
2%
Leiria Alcobaça Évora de Alcobaça
2%
Porto Vila do Conde Fajozes
2%
Santarém Almeirim Fazendas de Almeirim
2%
Aveiro Arouca Fermedo
2%
Vila Real Montalegre Ferral
2%
Beja Ferreira do Alentejo Figueira dos Cavaleiros
2%
Braga Esposende Forjães
2%
Viseu Viseu Fragosela
2%
Castelo Branco Vila Velha de Ródão Fratel
2%
Lisboa Torres Vedras Freiria
2%
Viseu Penalva do Castelo Germil
2%
Porto Vila do Conde Gião
2%
Bragança Bragança Gimonde
2%
Braga Vizela Infias
2%
Guarda Fornos de Algodres Infias
2%
Viseu Tondela Lajeosa do Dão
2%
Guarda Seia Loriga
2%
Leiria Pombal Louriçal
2%
Castelo Branco Belmonte Maçainhas
2%
Guarda Guarda Maçainhas
2%
Bragança Bragança Macedo do Mato
2%
Santarém Abrantes Martinchel
2%
Santarém Torres Novas Meia Via
2%
Bragança Mogadouro Meirinhos
2%
Lisboa Mafra Milharado
2%
Leiria Porto de Mós Mira de Aire
2%
Viseu Tondela Molelos
2%
Viseu Viseu Mundão
2%
Leiria Caldas da Rainha Nadadouro
2%
Faro Castro Marim Odeleite
2%
Viseu Carregal do Sal Oliveira do Conde
2%
Santarém Mação Ortiga
2%
Aveiro Vagos Ouca
2%
Vila Real Chaves Oura
2%
Santarém Tomar Paialvo
2%
Braga Vila Nova de Famalicão Pedome
2%
Guarda Guarda Pega
2%
Santarém Santarém Pernes
2%
Ilha de São Miguel Ribeira Grande Pico da Pedra
2%
Bragança Carrazeda de Ansiães Pinhal do Norte
2%
Vila Real Boticas Pinho
2%
Viseu São Pedro do Sul Pinho
2%
Coimbra Arganil Pombeiro da Beira
2%
Faro Lagoa Porches
2%
Castelo Branco Idanha-a-Nova Proença-a-Velha
2%
Viseu Sernancelhe Quintela
2%
Porto Penafiel Rans
2%
Santarém Almeirim Raposa
2%
Bragança Bragança Rebordãos
2%
Braga Fafe Regadas
2%
Braga Barcelos Remelhe
2%
Braga Vila Nova de Famalicão Requião
2%
Ilha de São Miguel Vila Franca do Campo Ribeira das Tainhas
2%
Viseu Oliveira de Frades Ribeiradio
2%
Aveiro Santa Maria da Feira Romariz
2%
Ilha de São Miguel Nordeste Salga
2%
Aveiro Estarreja Salreu
2%
Vila Real Alijó Santa Eugénia
2%
Évora Alandroal Santiago Maior
2%
Portalegre Castelo de Vide Santiago Maior
2%
Setúbal Barreiro Santo António da Charneca
2%
Porto Marco de Canaveses Santo Isidoro e Livração
2%
Braga Fafe São Gens
2%
Coimbra Oliveira do Hospital São Gião
2%
Viseu Oliveira de Frades São João da Serra
2%
Castelo Branco Vila de Rei São João do Peso
2%
Santarém Coruche São José da Lamarosa
2%
Aveiro Vale de Cambra São Pedro de Castelões
2%
Porto Maia São Pedro Fins
2%
Castelo Branco Castelo Branco Sarzedas
2%
Coimbra Arganil Sarzedo
2%
Viseu Moimenta da Beira Sarzedo
2%
Viana do Castelo Ponte de Lima Seara
2%
Guarda Sabugal Soito
2%
Coimbra Montemor-o-Velho Tentúgal
2%
Viseu Vila Nova de Paiva Touro
2%
Santarém Abrantes Tramagal
2%
Castelo Branco Covilhã Unhais da Serra
2%
Santarém Chamusca União das freguesias da Chamusca e Pinheiro Grande
2%
Guarda Celorico da Beira União das freguesias de Açores e Velosa
2%
Braga Guimarães União das freguesias de Airão Santa Maria, Airão São João e Vermil
2%
Leiria Alcobaça União das freguesias de Alcobaça e Vestiaria
2%
Beja Ferreira do Alentejo União das freguesias de Alfundão e Peroguarda
2%
Évora Portel União das freguesias de Amieira e Alqueva
2%
Aveiro Anadia União das freguesias de Amoreira da Gândara, Paredes do Bairro e Ancas
2%
Aveiro Espinho União das freguesias de Anta e Guetim
2%
Braga Barcelos União das freguesias de Areias de Vilar e Encourados
2%
Aveiro Águeda União das freguesias de Belazaima do Chão, Castanheira do Vouga e Agadão
2%
Faro Lagos União das freguesias de Bensafrim e Barão de São João
2%
Bragança Macedo de Cavaleiros União das freguesias de Bornes e Burga
2%
Aveiro Arouca União das freguesias de Cabreiros e Albergaria da Serra
2%
Aveiro Estarreja União das freguesias de Canelas e Fermelã
2%
Braga Vieira do Minho União das freguesias de Caniçada e Soengas
2%
Braga Barcelos União das freguesias de Carreira e Fonte Coberta
2%
Santarém Santarém União das freguesias de Casével e Vaqueiros
2%
Leiria Castanheira de Pêra União das freguesias de Castanheira de Pêra e Coentral
2%
Castelo Branco Castelo Branco União das freguesias de Cebolais de Cima e Retaxo
2%
Castelo Branco Sertã União das freguesias de Cernache do Bonjardim, Nesperal e Palhais
2%
Porto Lousada União das freguesias de Cristelos, Boim e Ordem
2%
Braga Barcelos União das freguesias de Durrães e Tregosa
2%
Porto Gondomar União das freguesias de Fânzeres e São Pedro da Cova
2%
Porto Vila do Conde União das freguesias de Fornelo e Vairão
2%
Viseu Tarouca União das freguesias de Gouviães e Ucanha
2%
Viana do Castelo Monção União das freguesias de Monção e Troviscoso
2%
Faro Olhão União das freguesias de Moncarapacho e Fuseta
2%
Leiria Leiria União das freguesias de Monte Real e Carvide
2%
Porto Lousada União das freguesias de Nespereira e Casais
2%
Coimbra Oliveira do Hospital União das freguesias de Oliveira do Hospital e São Paio de Gramaços
2%
Braga Esposende União das freguesias de Palmeira de Faro e Curvos
2%
Viseu Castro Daire União das freguesias de Parada de Ester e Ester
2%
Santarém Chamusca União das freguesias de Parreira e Chouto
2%
Leiria Alcobaça União das freguesias de Pataias e Martingança
2%
Viseu Tabuaço União das freguesias de Pinheiros e Vale de Figueira
2%
Viana do Castelo Ponte da Barca União das freguesias de Ponte da Barca, Vila Nova de Muía e Paço Vedro de Magalhães
2%
Braga Guimarães União das freguesias de Prazins Santo Tirso e Corvite
2%
Aveiro Águeda União das freguesias de Recardães e Espinhel
2%
Beja Moura União das freguesias de Safara e Santo Aleixo da Restauração
2%
Porto Vila Nova de Gaia União das freguesias de Santa Marinha e São Pedro da Afurada
2%
Leiria Pombal União das freguesias de Santiago e São Simão de Litém e Albergaria dos Doze
2%
Évora Arraiolos União das freguesias de São Gregório e Santa Justa
2%
Viana do Castelo Arcos de Valdevez União das freguesias de São Jorge e Ermelo
2%
Évora Estremoz União das freguesias de São Lourenço de Mamporcão e São Bento de Ana Loura
2%
Coimbra Coimbra União das freguesias de São Martinho de Árvore e Lamarosa
2%
Santarém Santarém União das freguesias de São Vicente do Paul e Vale de Figueira
2%
Viseu Sernancelhe União das freguesias de Sernancelhe e Sarzeda
2%
Braga Guimarães União das freguesias de Serzedo e Calvos
2%
Porto Vila Nova de Gaia União das freguesias de Serzedo e Perosinho
2%
Setúbal Setúbal União das freguesias de Setúbal (São Julião, Nossa Senhora da Anunciada e Santa Maria da Graça)
2%
Porto Baião União das freguesias de Teixeira e Teixeiró
2%
Castelo Branco Covilhã União das freguesias de Teixoso e Sarzedo
2%
Aveiro Águeda União das freguesias de Trofa, Segadães e Lamas do Vouga
2%
Bragança Vila Flor União das freguesias de Vila Flor e Nabo
2%
Porto Felgueiras União das freguesias de Vila Verde e Santão
2%
Aveiro Águeda União das freguesias do Préstimo e Macieira de Alcoba
2%
Braga Fafe União de freguesias de Cepães e Fareja
2%
Aveiro Mealhada Vacariça
2%
Santarém Chamusca Vale de Cavalos
2%
Viseu São João da Pesqueira Vale de Figueira
2%
Beja Odemira Vale de Santiago
2%
Faro Alcoutim Vaqueiros
2%
Guarda Pinhel Vascoveiro
2%
Viana do Castelo Valença Verdoejo
2%
Lisboa Vila Franca de Xira Vialonga
2%
Vila Real Chaves Vidago (União das freguesias de Vidago, Arcossó, Selhariz e Vilarinho das Paranheiras)
2%
Porto Amarante Vila Caiz
2%
Porto Vila Nova de Gaia Vilar de Andorinho
2%
Viana do Castelo Caminha Vilar de Mouros
2%
Vila Real Vila Real Abaças
1%
Braga Cabeceiras de Basto Abadim
1%
Setúbal Santiago do Cacém Abela
1%
Bragança Mirandela Abreiro
1%
Guarda Guarda Adão
1%
Leiria Óbidos A dos Negros
1%
Braga Celorico de Basto Agilde
1%
Ilha de São Miguel Vila Franca do Campo Água de Alto
1%
Vila Real Valpaços Água Revés e Crasto
1%
Guarda Sabugal Águas Belas
1%
Santarém Ferreira do Zêzere Águas Belas
1%
Porto Paredes Aguiar de Sousa
1%
Bragança Mirandela Aguieiras
1%
Porto Felgueiras Aião
1%
Porto Felgueiras Airães
1%
Ilha de São Miguel Ponta Delgada Ajuda da Bretanha
1%
Portalegre Portalegre Alagoa
1%
Santarém Ourém Alburitel
1%
Viseu Mangualde Alcafache
1%
Castelo Branco Fundão Alcaide
1%
Lisboa Azambuja Alcoentre
1%
Guarda Sabugal Aldeia da Ponte
1%
Coimbra Oliveira do Hospital Aldeia das Dez
1%
Guarda Guarda Aldeia Viçosa
1%
Guarda Sabugal Alfaiates
1%
Coimbra Soure Alfarelos
1%
Faro Monchique Alferce
1%
Ilha de São Miguel Nordeste Algarvia
1%
Lisboa Cadaval Alguber
1%
Coimbra Figueira da Foz Alhadas
1%
Castelo Branco Castelo Branco Almaceda
1%
Coimbra Coimbra Almalaguês
1%
Viseu Castro Daire Almofala
1%
Vila Real Boticas Alturas do Barroso e Cerdedo
1%
Vila Real Santa Marta de Penaguião Alvações do Corgo
1%
Vila Real Ribeira de Pena Alvadia
1%
Vila Real Vila Pouca de Aguiar Alvão
1%
Viana do Castelo Viana do Castelo Alvarães
1%
Viseu Moimenta da Beira Alvite
1%
Guarda Seia Alvoco da Serra
1%
Coimbra Oliveira do Hospital Alvoco das Várzeas
1%
Leiria Ansião Alvorge
1%
Faro Loulé Ameixial
1%
Santarém Santarém Amiais de Baixo
1%
Viana do Castelo Viana do Castelo Amonde
1%
Coimbra Condeixa-a-Nova Anobra
1%
Viseu Oliveira de Frades Arcozelo das Maias
1%
Leiria Figueiró dos Vinhos Arega
1%
Lisboa Arruda dos Vinhos Arranhó
1%
Santarém Rio Maior Asseiceira
1%
Santarém Tomar Asseiceira
1%
Santarém Torres Novas Assentiz
1%
Portalegre Arronches Assunção
1%
Vila Real Mondim de Basto Atei
1%
Leiria Peniche Atouguia da Baleia
1%
Viseu Sátão Avelal
1%
Leiria Ansião Avelar
1%
Aveiro Anadia Avelãs de Cima
1%
Porto Marco de Canaveses Avessadas e Rosém
1%
Viseu Lamego Avões
1%
Viana do Castelo Ponte da Barca Azias
1%
Faro Castro Marim Azinhal
1%
Bragança Bragança Baçal
1%
Leiria Leiria Bajouca
1%
Porto Marco de Canaveses Banho e Carvalhosa
1%
Faro Vila do Bispo Barão de São Miguel
1%
Viana do Castelo Monção Barbeita
1%
Aveiro Mealhada Barcouço
1%
Viseu Carregal do Sal Beijós
1%
Viana do Castelo Ponte de Lima Beiral do Lima
1%
Porto Paredes Beire
1%
Portalegre Gavião Belver
1%
Évora Vila Viçosa Bencatel
1%
Guarda Sabugal Bendada
1%
Guarda Guarda Benespera
1%
Coimbra Arganil Benfeita
1%
Bragança Vila Flor Benlhevai
1%
Leiria Leiria Bidoeira de Cima
1%
Santarém Coruche Biscainho
1%
Viseu Viseu Bodiosa
1%
Viana do Castelo Valença Boivão
1%
Coimbra Figueira da Foz Bom Sucesso
1%
Braga Celorico de Basto Borba de Montanha
1%
Viseu São Pedro do Sul Bordonhos
1%
Vila Real Vila Pouca de Aguiar Bornes de Aguiar
1%
Vila Real Valpaços Bouçoães
1%
Viana do Castelo Ponte de Lima Brandara
1%
Coimbra Coimbra Brasfemes
1%
Bragança Mogadouro Bruçó
1%
Faro Vila do Bispo Budens
1%
Aveiro Murtosa Bunheiro
1%
Viana do Castelo Arcos de Valdevez Cabana Maior
1%
Bragança Torre de Moncorvo Cabeça Boa
1%
Porto Penafiel Cabeça Santa
1%
Portalegre Fronteira Cabeço de Vide
1%
Ilha Terceira Vila da Praia da Vitória Cabo da Praia
1%
Évora Montemor-o-Novo Cabrela
1%
Faro Tavira Cachopo
1%
Porto Lousada Caíde de Rei
1%
Castelo Branco Oleiros Cambas
1%
Viseu Tondela Campo de Besteiros
1%
Viseu Nelas Canas de Senhorim
1%
Évora Évora Canaviais
1%
Bragança Vinhais Candedo
1%
Vila Real Murça Candedo
1%
Porto Amarante Candemil
1%
Coimbra Tábua Candosa
1%
Ilha de São Miguel Ponta Delgada Capelas
1%
Castelo Branco Fundão Capinha
1%
Lisboa Arruda dos Vinhos Cardosas
1%
Lisboa Alenquer Carnota
1%
Vila Real Valpaços Carrazedo de Montenegro e Curros
1%
Viana do Castelo Viana do Castelo Carreço
1%
Santarém Chamusca Carregueira
1%
Santarém Tomar Carregueiros
1%
Leiria Pombal Carriço
1%
Porto Paços de Ferreira Carvalhosa
1%
Bragança Torre de Moncorvo Carviçais
1%
Lisboa Mafra Carvoeira
1%
Aveiro Mealhada Casal Comba
1%
Viseu São João da Pesqueira Castanheiro do Sul
1%
Bragança Torre de Moncorvo Castedo
1%
Castelo Branco Fundão Castelejo
1%
Guarda Almeida Castelo Bom
1%
Viana do Castelo Viana do Castelo Castelo do Neiva
1%
Bragança Bragança Castro de Avelãs
1%
Guarda Gouveia Cativelos
1%
Guarda Guarda Cavadoude
1%
Braga Cabeceiras de Basto Cavez
1%
Santarém Ourém Caxarias
1%
Coimbra Coimbra Ceira
1%
Coimbra Arganil Celavisa
1%
Viana do Castelo Valença Cerdal
1%
Guarda Sabugal Cerdeira
1%
Viana do Castelo Viana do Castelo Chafé
1%
Portalegre Alter do Chão Chancelaria
1%
Santarém Torres Novas Chancelaria
1%
Leiria Ansião Chão de Couce
1%
Vila Real Mesão Frio Cidadelhe
1%
Évora Vila Viçosa Ciladas
1%
Guarda Guarda Codesseiro
1%
Leiria Leiria Coimbrão
1%
Portalegre Gavião Comenda
1%
Coimbra Cantanhede Cordinhã
1%
Guarda Mêda Coriscada
1%
Castelo Branco Covilhã Cortes do Meio
1%
Guarda Aguiar da Beira Cortiçada
1%
Bragança Macedo de Cavaleiros Cortiços
1%
Évora Reguengos de Monsaraz Corval
1%
Viseu Viseu Cota
1%
Guarda Trancoso Cótimos
1%
Ilha de São Miguel Ponta Delgada Covoada
1%
Viseu Castro Daire Cujó
1%
Vila Real Santa Marta de Penaguião Cumieira
1%
Viseu Mangualde Cunha Baixa
1%
Viseu Tondela Dardavaz
1%
Castelo Branco Covilhã Dominguizo
1%
Guarda Aguiar da Beira Eirado
1%
Braga Vieira do Minho Eira Vedra
1%
Porto Paços de Ferreira Eiriz
1%
Lisboa Amadora Encosta do Sol
1%
Castelo Branco Covilhã Erada
1%
Portalegre Avis Ervedal
1%
Bragança Vinhais Ervedosa
1%
Guarda Pinhel Ervedosa
1%
Viseu São João da Pesqueira Ervedosa do Douro
1%
Viana do Castelo Ponte de Lima Facha
1%
Vila Real Chaves Faiões
1%
Castelo Branco Fundão Fatela
1%
Vila Real Alijó Favaios
1%
Coimbra Cantanhede Febres
1%
Viana do Castelo Ponte de Lima Feitosa
1%
Guarda Guarda Fernão Joanes
1%
Coimbra Figueira da Foz Ferreira-a-Nova
1%
Viseu Sátão Ferreira de Aves
1%
Viseu Lamego Ferreirim
1%
Viseu São Pedro do Sul Figueiredo de Alva
1%
Coimbra Soure Figueiró do Campo
1%
Guarda Gouveia Folgosinho
1%
Coimbra Arganil Folques
1%
Viana do Castelo Ponte de Lima Fontão
1%
Vila Real Peso da Régua Fontelas
1%
Guarda Celorico da Beira Forno Telheiro
1%
Portalegre Portalegre Fortios
1%
Santarém Rio Maior Fráguas
1%
Bragança Mirandela Frechas
1%
Porto Amarante Fregim
1%
Guarda Pinhel Freixedas
1%
Bragança Vila Flor Freixiel
1%
Guarda Vila Nova de Foz Côa Freixo de Numão
1%
Porto Baião Frende
1%
Porto Felgueiras Friande
1%
Viana do Castelo Ponte de Lima Friastelas
1%
Porto Amarante Fridão
1%
Leiria Óbidos Gaeiras
1%
Portalegre Ponte de Sor Galveias
1%
Setúbal Setúbal Gâmbia-Pontes-Alto da Guerra
1%
Viana do Castelo Ponte de Lima Gemieira
1%
Faro Alcoutim Giões
1%
Guarda Seia Girabolhos
1%
Leiria Batalha Golpilheira
1%
Guarda Guarda Gonçalo Bocas
1%
Viana do Castelo Vila Nova de Cerveira Gondarém
1%
Bragança Bragança Gondesende
1%
Viana do Castelo Ponte de Lima Gondufe
1%
Viseu Castro Daire Gosende
1%
Vila Real Sabrosa Gouvinhas
1%
Porto Vila do Conde Guilhabreu
1%
Bragança Torre de Moncorvo Horta da Vilariça
1%
Santarém Ferreira do Zêzere Igreja Nova do Sobral
1%
Évora Arraiolos Igrejinha
1%
Viana do Castelo Paredes de Coura Infesta
1%
Castelo Branco Belmonte Inguias
1%
Castelo Branco Oleiros Isna
1%
Coimbra Pampilhosa da Serra Janeiro de Baixo
1%
Guarda Guarda João Antão
1%
Vila Real Murça Jou
1%
Porto Felgueiras Jugueiros
1%
Porto Vila do Conde Labruge
1%
Guarda Celorico da Beira Lajeosa do Mondego
1%
Guarda Pinhel Lameiras
1%
Leiria Caldas da Rainha Landal
1%
Évora Vendas Novas Landeira
1%
Braga Vila Nova de Famalicão Landim
1%
Castelo Branco Castelo Branco Lardosa
1%
Castelo Branco Fundão Lavacolhos
1%
Viseu Moimenta da Beira Leomil
1%
Bragança Freixo de Espada à Cinta Ligares
1%
Viana do Castelo Vila Nova de Cerveira Loivo
1%
Porto Baião Loivos do Monte
1%
Ilha de São Miguel Ribeira Grande Lomba de São Pedro
1%
Viseu Tabuaço Longa
1%
Guarda Mêda Longroiva
1%
Viseu Viseu Lordosa
1%
Coimbra Penacova Lorvão
1%
Porto Vila do Conde Macieira da Maia
1%
Aveiro Vale de Cambra Macieira de Cambra
1%
Aveiro Oliveira de Azeméis Macieira de Sarnes
1%
Leiria Alcobaça Maiorga
1%
Castelo Branco Castelo Branco Malpica do Tejo
1%
Porto Amarante Mancelos
1%
Guarda Pinhel Manigoto
1%
Aveiro Arouca Mansores
1%
Portalegre Gavião Margem
1%
Coimbra Figueira da Foz Marinha das Ondas
1%
Faro Monchique Marmelete
1%
Faro Alcoutim Martim Longo
1%
Vila Real Vila Real Mateus
1%
Lisboa Alenquer Meca
1%
Vila Real Santa Marta de Penaguião Medrões
1%
Castelo Branco Penamacor Meimão
1%
Castelo Branco Penamacor Meimoa
1%
Porto Lousada Meinedo
1%
Guarda Guarda Meios
1%
Leiria Pombal Meirinhas
1%
Viana do Castelo Monção Merufe
1%
Coimbra Oliveira do Hospital Meruge
1%
Faro Portimão Mexilhoeira Grande
1%
Leiria Leiria Milagres
1%
Aveiro Santa Maria da Feira Milheirós de Poiares
1%
Santarém Santarém Moçarria
1%
Viseu Castro Daire Mões
1%
Braga Vila Nova de Famalicão Mogege
1%
Lisboa Lourinhã Moita dos Ferreiros
1%
Santarém Alcanena Moitas Venda
1%
Castelo Branco Castelo Branco Monforte da Beira
1%
Santarém Constância Montalvo
1%
Viana do Castelo Viana do Castelo Montaria
1%
Portalegre Crato Monte da Pedra
1%
Évora Portel Monte do Trigo
1%
Castelo Branco Proença-a-Nova Montes da Senhora
1%
Évora Redondo Montoito
1%
Braga Celorico de Basto Moreira do Castelo
1%
Vila Real Chaves Moreiras
1%
Santarém Salvaterra de Magos Muge
1%
Viana do Castelo Viana do Castelo Mujães
1%
Guarda Fornos de Algodres Muxagata
1%
Guarda Vila Nova de Foz Côa Muxagata
1%
Guarda Almeida Nave de Haver
1%
Viana do Castelo Ponte de Lima Navió e Vitorino dos Piães
1%
Vila Real Montalegre Negrões
1%
Vila Real Chaves Nogueira da Montanha
1%
Santarém Ourém Nossa Senhora da Piedade
1%
Santarém Ourém Nossa Senhora das Misericórdias
1%
Santarém Ferreira do Zêzere Nossa Senhora do Pranto
1%
Faro Lagos Odiáxere
1%
Santarém Tomar Olalhas
1%
Castelo Branco Idanha-a-Nova Oledo
1%
Leiria Óbidos Olho Marinho
1%
Castelo Branco Fundão Orca
1%
Castelo Branco Covilhã Orjais
1%
Castelo Branco Oleiros Orvalho
1%
Aveiro Oliveira de Azeméis Ossela
1%
Vila Real Valpaços Padrela e Tazem
1%
Porto Amarante Padronelo
1%
Coimbra Figueira da Foz Paião
1%
Guarda Trancoso Palhais
1%
Guarda Guarda Panoias de Cima
1%
Porto Paredes Parada de Todeia
1%
Bragança Carrazeda de Ansiães Parambos
1%
Aveiro Estarreja Pardilhó
1%
Viseu São João da Pesqueira Paredes da Beira
1%
Porto Marco de Canaveses Paredes de Viadores e Manhuncelos
1%
Viseu Resende Paus
1%
Évora Mora Pavia
1%
Vila Real Alijó Pegarinhos
1%
Leiria Pombal Pelariga
1%
Leiria Alvaiázere Pelmá
1%
Viseu Lamego Penajóia
1%
Porto Paços de Ferreira Penamaior
1%
Bragança Mogadouro Penas Roias
1%
Castelo Branco Idanha-a-Nova Penha Garcia
1%
Porto Marco de Canaveses Penha Longa e Paços de Gaiolo
1%
Viseu Lamego Penude
1%
Viseu Castro Daire Pepim
1%
Castelo Branco Vila Velha de Ródão Perais
1%
Lisboa Cadaval Peral
1%
Bragança Carrazeda de Ansiães Pereiros
1%
Viana do Castelo Viana do Castelo Perre
1%
Bragança Miranda do Douro Picote
1%
Ilha de São Miguel Ponta Delgada Pilar da Bretanha
1%
Viseu São Pedro do Sul Pindelo dos Milagres
1%
Viana do Castelo Monção Pinheiros
1%
Guarda Pinhel Pínzio
1%
Vila Real Montalegre Pitões das Junias
1%
Guarda Mêda Poço do Canto
1%
Coimbra Arganil Pomares
1%
Lisboa Torres Vedras Ponte do Rol
1%
Guarda Guarda Porto da Carne
1%
Braga Vila Nova de Famalicão Pousada de Saramagos
1%
Leiria Ansião Pousaflores
1%
Coimbra Tábua Póvoa de Midões
1%
Beja Moura Póvoa de São Miguel
1%
Santarém Vila Nova da Barquinha Praia do Ribatejo
1%
Guarda Mêda Prova e Casteição
1%
Guarda Sabugal Quadrazais
1%
Viseu Armamar Queimada
1%
Viseu Vouzela Queirã
1%
Faro Olhão Quelfes
1%
Braga Fafe Quinchães
1%
Bragança Bragança Quintanilha
1%
Bragança Bragança Quintela de Lampaças
1%
Guarda Mêda Rabaçal
1%
Lisboa Torres Vedras Ramalhal
1%
Guarda Celorico da Beira Ratoeira
1%
Guarda Trancoso Reboleiro
1%
Guarda Sabugal Rebolosa
1%
Leiria Pombal Redinha
1%
Vila Real Chaves Redondelo
1%
Viana do Castelo Ponte de Lima Refóios do Lima
1%
Porto Felgueiras Refontoura
1%
Braga Celorico de Basto Rego
1%
Leiria Leiria Regueira de Pontes
1%
Lisboa Lourinhã Reguengo Grande
1%
Vila Real Montalegre Reigoso
1%
Braga Fafe Revelhe
1%
Viana do Castelo Caminha Riba de Âncora
1%
Braga Vila Nova de Famalicão Riba de Ave
1%
Lisboa Lourinhã Ribamar
1%
Ilha de São Miguel Lagoa Ribeira Chã
1%
Viseu São João da Pesqueira Riodades
1%
Guarda Trancoso Rio de Mel
1%
Vila Real Valpaços Rio Torto
1%
Faro Aljezur Rogil
1%
Bragança Vila Flor Roios
1%
Castelo Branco Idanha-a-Nova Rosmaninhal
1%
Santarém Tomar Sabacheira
1%
Viana do Castelo Arcos de Valdevez Sabadim
1%
Vila Real Vila Pouca de Aguiar Sabroso de Aguiar
1%
Castelo Branco Castelo Branco Salgueiro do Campo
1%
Bragança Bragança Salsas
1%
Vila Real Montalegre Salto
1%
Bragança Alfândega da Fé Sambade
1%
Bragança Bragança Samil
1%
Bragança Vila Flor Samões
1%
Viana do Castelo Ponte da Barca Sampriz
1%
Guarda Seia Sandomil
1%
Vila Real Alijó Sanfins do Douro
1%
Aveiro Santa Maria da Feira Sanguedo
1%
Coimbra Cantanhede Sanguinheira
1%
Beja Castro Verde Santa Bárbara de Padrões
1%
Beja Beja Santa Clara de Louredo
1%
Bragança Bragança Santa Comba de Rossas
1%
Viana do Castelo Ponte de Lima Santa Cruz do Lima
1%
Viana do Castelo Viana do Castelo Santa Marta de Portuzelo
1%
Beja Mértola Santana de Cambas
1%
Santarém Coruche Santana do Mato
1%
Leiria Ansião Santiago da Guarda
1%
Viseu Tondela Santiago de Besteiros
1%
Castelo Branco Castelo Branco Santo André das Tojeiras
1%
Aveiro Vagos Santo André de Vagos
1%
Ilha de São Miguel Nordeste Santo António de Nordestinho
1%
Lisboa Mafra Santo Isidoro
1%
Lisboa Sobral de Monte Agraço Santo Quintino
1%
Coimbra Montemor-o-Velho Santo Varão
1%
Bragança Vimioso Santulhão
1%
Ilha Terceira Angra do Heroísmo São Bartolomeu de Regatos
1%
Viseu Armamar São Cosmado
1%
Évora Estremoz São Domingos de Ana Loura
1%
Setúbal Santiago do Cacém São Francisco da Serra
1%
Faro Lagos São Gonçalo de Lagos
1%
Viseu Castro Daire São Joaninho
1%
Viseu Santa Comba Dão São Joaninho
1%
Vila Real Valpaços São João da Corveira
1%
Viseu Viseu São João de Lourosa
1%
Coimbra Coimbra São João do Campo
1%
Beja Mértola São João dos Caldeireiros
1%
Castelo Branco Covilhã São Jorge da Beira
1%
Aveiro Anadia São Lourenço do Bairro
1%
Vila Real Alijó São Mamede de Ribatua
1%
Coimbra Arganil São Martinho da Cortiça
1%
Aveiro Oliveira de Azeméis São Martinho da Gândara
1%
Viseu Armamar São Martinho das Chãs
1%
Viseu Resende São Martinho de Mouros
1%
Viana do Castelo Valença São Pedro da Torre
1%
Viseu Viseu São Pedro de France
1%
Ilha de São Miguel Nordeste São Pedro de Nordestinho
1%
Bragança Bragança São Pedro de Sarracenos
1%
Bragança Mirandela São Pedro Velho
1%
Coimbra Coimbra São Silvestre
1%
Lisboa Arruda dos Vinhos São Tiago dos Velhos
1%
Viseu Oliveira de Frades São Vicente de Lafões
1%
Ilha de São Miguel Ponta Delgada São Vicente Ferreira
1%
Castelo Branco Vila Velha de Ródão Sarnadas de Ródão
1%
Castelo Branco Oleiros Sarnadas de São Simão
1%
Guarda Vila Nova de Foz Côa Sebadelhe
1%
Porto Penafiel Sebolido
1%
Coimbra Arganil Secarias
1%
Portalegre Alter do Chão Seda
1%
Viana do Castelo Monção Segude
1%
Santarém Ourém Seiça
1%
Guarda Vila Nova de Foz Côa Seixas
1%
Viana do Castelo Caminha Seixas
1%
Coimbra Mira Seixo
1%
Coimbra Oliveira do Hospital Seixo da Beira
1%
Bragança Carrazeda de Ansiães Seixo de Ansiães
1%
Bragança Bragança Sendas
1%
Viana do Castelo Arcos de Valdevez Senharei
1%
Bragança Bragança Serapicos
1%
Vila Real Valpaços Serapicos
1%
Viana do Castelo Ponte de Lima Serdedelo
1%
Porto Paços de Ferreira Seroa
1%
Leiria Peniche Serra d'El-Rei
1%
Viseu São Pedro do Sul Serrazes
1%
Bragança Macedo de Cavaleiros Sezulfe
1%
Viseu Penalva do Castelo Sezures
1%
Viseu Viseu Silgueiros
1%
Porto Marco de Canaveses Soalhães
1%
Beja Moura Sobral da Adiça
1%
Porto Marco de Canaveses Sobretâmega
1%
Aveiro Vagos Sosa
1%
Guarda Pinhel Souro Pires
1%
Porto Lousada Sousela
1%
Viseu Cinfães Souselo
1%
Castelo Branco Fundão Souto da Casa
1%
Bragança Mirandela Suçães
1%
Braga Vieira do Minho Tabuaças
1%
Porto Marco de Canaveses Tabuado
1%
Viana do Castelo Monção Tangil
1%
Coimbra Soure Tapéus
1%
Viseu Cinfães Tarouquela
1%
Porto Amarante Telões
1%
Vila Real Vila Pouca de Aguiar Telões
1%
Viseu Cinfães Tendais
1%
Porto Penafiel Termas de São Vicente
1%
Vila Real Valpaços Tinhela e Alvarelhos
1%
Portalegre Nisa Tolosa
1%
Viseu Tondela Tonda
1%
Bragança Mirandela Torre de Dona Chama
1%
Coimbra Coimbra Torres do Mondego
1%
Castelo Branco Fundão Três Povos
1%
Aveiro Arouca Tropeço
1%
Lisboa Torres Vedras Turcifal
1%
Lisboa Sintra União das freguesias de Agualva e Mira-Sintra
1%
Porto Póvoa de Varzim União das freguesias de Aguçadoura e Navais
1%
Santarém Alcanena União das freguesias de Alcanena e Vila Moreira
1%
Portalegre Avis União das freguesias de Alcórrego e Maranhão
1%
Guarda Sabugal União das freguesias de Aldeia da Ribeira, Vilar Maior e Badamalos
1%
Lisboa Alenquer União das freguesias de Aldeia Galega da Merceana e Aldeia Gavinha
1%
Lisboa Alenquer União das freguesias de Alenquer (Santo Estêvão e Triana)
1%
Lisboa Oeiras União das freguesias de Algés, Linda-a-Velha e Cruz Quebrada-Dafundo
1%
Guarda Figueira de Castelo Rodrigo União das freguesias de Algodres, Vale de Afonsinho e Vilar de Amargo
1%
Faro Silves União das freguesias de Algoz e Tunes
1%
Lisboa Vila Franca de Xira União das freguesias de Alhandra, São João dos Montes e Calhandriz
1%
Beja Almodôvar União das freguesias de Almodôvar e Graça dos Padrões
1%
Porto Trofa União das freguesias de Alvarelhos e Guidões
1%
Lisboa Vila Franca de Xira União das freguesias de Alverca do Ribatejo e Sobralinho
1%
Viana do Castelo Arcos de Valdevez União das freguesias de Alvora e Loureda
1%
Bragança Carrazeda de Ansiães União das freguesias de Amedo e Zedes
1%
Porto Baião União das freguesias de Ancede e Ribadouro
1%
Braga Vieira do Minho União das freguesias de Anjos e Vilar do Chão
1%
Coimbra Coimbra União das freguesias de Antuzede e Vil de Matos
1%
Viseu Oliveira de Frades União das freguesias de Arca e Varzielas
1%
Aveiro Anadia União das freguesias de Arcos e Mogofores
1%
Braga Vila Nova de Famalicão União das freguesias de Arnoso (Santa Maria e Santa Eulália) e Sezures
1%
Coimbra Coimbra União das freguesias de Assafarge e Antanhol
1%
Setúbal Montijo União das freguesias de Atalaia e Alto Estanqueiro-Jardia
1%
Guarda Pinhel União das freguesias de Atalaia e Safurdão
1%
Bragança Mirandela União das freguesias de Avantos e Romeu
1%
Santarém Rio Maior União das freguesias de Azambujeira e Malaqueijo
1%
Santarém Santarém União das freguesias de Azoia de Cima e Tremês
1%
Lisboa Mafra União das freguesias de Azueira e Sobral da Abelheira
1%
Bragança Mirandela União das freguesias de Barcel, Marmelos e Valverde da Gestosa
1%
Aveiro Estarreja União das freguesias de Beduído e Veiros
1%
Beja Beja União das freguesias de Beja (Salvador e Santa Maria da Feira)
1%
Beja Beja União das freguesias de Beja (Santiago Maior e São João Baptista)
1%
Castelo Branco Belmonte União das freguesias de Belmonte e Colmeal da Torre
1%
Bragança Carrazeda de Ansiães União das freguesias de Belver e Mogo de Malta
1%
Viseu Lamego União das freguesias de Bigorne, Magueija e Pretarouca
1%
Viseu Viseu União das freguesias de Boa Aldeia, Farminhão e Torredeita
1%
Santarém Torres Novas União das freguesias de Brogueira, Parceiros de Igreja e Alcorochel
1%
Porto Amarante União das freguesias de Bustelo, Carneiro e Carvalho de Rei
1%
Braga Celorico de Basto União das freguesias de Caçarilhe e Infesta
1%
Leiria Caldas da Rainha União das freguesias de Caldas da Rainha - Nossa Senhora do Pópulo, Coto e São Gregório
1%
Aveiro Santa Maria da Feira União das freguesias de Caldas de São Jorge e Pigeiros
1%
Viseu Vouzela União das freguesias de Cambra e Carvalhal de Vermilhas
1%
Porto Baião União das freguesias de Campelo e Ovil
1%
Lisboa Torres Vedras União das freguesias de Campelos e Outeiro da Cabeça
1%
Évora Reguengos de Monsaraz União das freguesias de Campo e Campinho
1%
Braga Guimarães União das freguesias de Candoso São Tiago e Mascotelos
1%
Braga Celorico de Basto União das freguesias de Canedo de Basto e Corgo
1%
Coimbra Cantanhede União das freguesias de Cantanhede e Pocariça
1%
Viana do Castelo Viana do Castelo União das freguesias de Cardielos e Serreleis
1%
Vila Real Alijó União das freguesias de Carlão e Amieiro
1%
Braga Vila Nova de Famalicão União das freguesias de Carreira e Bente
1%
Viseu Nelas União das freguesias de Carvalhal Redondo e Aguieira
1%
Lisboa Torres Vedras União das freguesias de Carvoeira e Carmões
1%
Santarém Tomar União das freguesias de Casais e Alviobeira
1%
Castelo Branco Covilhã União das freguesias de Casegas e Ourondo
1%
Lisboa Vila Franca de Xira União das freguesias de Castanheira do Ribatejo e Cachoeiras
1%
Bragança Carrazeda de Ansiães União das freguesias de Castanheiro do Norte e Ribalonga
1%
Vila Real Alijó União das freguesias de Castedo e Cotas
1%
Viana do Castelo Melgaço União das freguesias de Castro Laboreiro e Lamas de Mouro
1%
Coimbra Arganil União das freguesias de Cerdeira e Moura da Serra
1%
Guarda Figueira de Castelo Rodrigo União das freguesias de Cinco Vilas e Reigada
1%
Coimbra Arganil União das freguesias de Côja e Barril de Alva
1%
Faro Tavira União das freguesias de Conceição e Cabanas de Tavira
1%
Évora Montemor-o-Novo União das freguesias de Cortiçadas de Lavre e Lavre
1%
Santarém Coruche União das freguesias de Coruche, Fajarda e Erra
1%
Coimbra Tábua União das freguesias de Covas e Vila Nova de Oliveirinha
1%
Castelo Branco Covilhã União das freguesias de Covilhã e Canhoso
1%
Coimbra Cantanhede União das freguesias de Covões e Camarneira
1%
Viana do Castelo Ponte da Barca União das freguesias de Crasto, Ruivos e Grovelas
1%
Bragança Vinhais União das freguesias de Curopos e Vale de Janeiro
1%
Viseu Oliveira de Frades União das freguesias de Destriz e Reigoso
1%
Lisboa Torres Vedras União das freguesias de Dois Portos e Runa
1%
Lisboa Mafra União das freguesias de Enxara do Bispo, Gradil e Vila Franca do Rosário
1%
Coimbra Tábua União das freguesias de Espariz e Sinde
1%
Viseu Viseu União das freguesias de Faíl e Vila Chã de Sá
1%
Viseu Vouzela União das freguesias de Fataunços e Figueiredo das Donas
1%
Bragança Torre de Moncorvo União das freguesias de Felgar e Souto da Velha
1%
Viseu Resende União das freguesias de Felgueiras e Feirão
1%
Bragança Torre de Moncorvo União das freguesias de Felgueiras e Maçores
1%
Aveiro Vagos União das freguesias de Fonte de Angeão e Covão do Lobo
1%
Coimbra Lousã União das freguesias de Foz de Arouce e Casal de Ermio
1%
Castelo Branco Castelo Branco União das freguesias de Freixial e Juncal do Campo
1%
Santarém Ourém União das freguesias de Freixianda, Ribeira do Fárrio e Formigais
1%
Porto Amarante União das freguesias de Freixo de Cima e de Baixo
1%
Viana do Castelo Valença União das freguesias de Gandra e Taião
1%
Viana do Castelo Viana do Castelo União das freguesias de Geraz do Lima (Santa Maria, Santa Leocádia e Moreira) e Deão
1%
Santarém Salvaterra de Magos União das freguesias de Glória do Ribatejo e Granho
1%
Viana do Castelo Arcos de Valdevez União das freguesias de Grade e Carralcova
1%
Setúbal Grândola União das freguesias de Grândola e Santa Margarida da Serra
1%
Lisboa Mafra União das freguesias de Igreja Nova e Cheleiros
1%
Viana do Castelo Paredes de Coura União das freguesias de Insalde e Porreiras
1%
Guarda Almeida União das freguesias de Junça e Naves
1%
Bragança Carrazeda de Ansiães União das freguesias de Lavandeira, Beira Grande e Selores
1%
Vila Real Santa Marta de Penaguião União das freguesias de Lobrigos (São Miguel e São João Baptista) e Sanhoane
1%
Porto Baião União das freguesias de Loivos da Ribeira e Tresouras
1%
Vila Real Chaves União das freguesias de Loivos e Póvoa de Agrações
1%
Santarém Mação União das freguesias de Mação, Penhascoso e Aboboreira
1%
Porto Felgueiras União das freguesias de Macieira da Lixa e Caramos
1%
Santarém Alcanena União das freguesias de Malhou, Louriceira e Espinheiro
1%
Lisboa Mafra União das freguesias de Malveira e São Miguel de Alcainça
1%
Viseu Mangualde União das freguesias de Mangualde, Mesquitela e Cunha Alta
1%
Lisboa Azambuja União das freguesias de Manique do Intendente, Vila Nova de São Pedro e Maçussa
1%
Santarém Rio Maior União das freguesias de Marmeleira e Assentiz
1%
Leiria Leiria União das freguesias de Marrazes e Barosa
1%
Guarda Gouveia União das freguesias de Melo e Nabais
1%
Porto Gondomar União das freguesias de Melres e Medas
1%
Viseu Castro Daire União das freguesias de Mezio e Moura Morta
1%
Viseu Mangualde União das freguesias de Moimenta de Maceira Dão e Lobelhe do Mato
1%
Coimbra Montemor-o-Velho União das freguesias de Montemor-o-Velho e Gatões
1%
Beja Moura União das freguesias de Moura (Santo Agostinho e São João Baptista) e Santo Amador
1%
Castelo Branco Castelo Branco União das freguesias de Ninho do Açor e Sobral do Campo
1%
Évora Montemor-o-Novo União das freguesias de Nossa Senhora da Vila, Nossa Senhora do Bispo e Silveiras
1%
Vila Real Murça União das freguesias de Noura e Palheiros
1%
Viseu Oliveira de Frades União das freguesias de Oliveira de Frades, Souto de Lafões e Sejães
1%
Porto Amarante União das freguesias de Olo e Canadelo
1%
Lisboa Cadaval União das freguesias de Painho e Figueiros
1%
Viseu Lamego União das freguesias de Parada do Bispo e Valdigem
1%
Viana do Castelo Melgaço União das freguesias de Parada do Monte e Cubalhão
1%
Viseu Moimenta da Beira União das freguesias de Paradinha e Nagosa
1%
Porto Felgueiras União das freguesias de Pedreira, Rande e Sernande
1%
Porto Vila Nova de Gaia União das freguesias de Pedroso e Seixezelo
1%
Setúbal Montijo União das freguesias de Pegões
1%
Viseu Sernancelhe União das freguesias de Penso e Freixinho
1%
Viseu Moimenta da Beira União das freguesias de Pêra Velha, Aldeia de Nacomba e Ariz
1%
Vila Real Peso da Régua União das freguesias de Peso da Régua e Godim
1%
Vila Real Alijó União das freguesias de Pópulo e Ribalonga
1%
Castelo Branco Fundão União das freguesias de Póvoa de Atalaia e Atalaia do Campo
1%
Castelo Branco Castelo Branco União das freguesias de Póvoa de Rio de Moinhos e Cafede
1%
Lisboa Vila Franca de Xira União das freguesias de Póvoa de Santa Iria e Forte da Casa
1%
Castelo Branco Proença-a-Nova União das freguesias de Proença-a-Nova e Peral
1%
Aveiro Castelo de Paiva União das freguesias de Raiva, Pedorido e Paraíso
1%
Bragança Bragança União das freguesias de Rebordainhos e Pombares
1%
Viseu Castro Daire União das freguesias de Reriz e Gafanhão
1%
Porto Vila do Conde União das freguesias de Retorta e Tougues
1%
Lisboa Alenquer União das freguesias de Ribafria e Pereiro de Palhacana
1%
Bragança Bragança União das freguesias de Rio Frio e Milhão
1%
Guarda Sabugal União das freguesias de Ruvina, Ruivós e Vale das Éguas
1%
Leiria Leiria União das freguesias de Santa Catarina da Serra e Chainça
1%
Coimbra Coimbra União das freguesias de Santa Clara e Castelo Viegas
1%
Viseu São Pedro do Sul União das freguesias de Santa Cruz da Trapa e São Cristóvão de Lafões
1%
Évora Portel União das freguesias de São Bartolomeu do Outeiro e Oriola
1%
Setúbal Santiago do Cacém União das freguesias de São Domingos e Vale de Água
1%
Santarém Abrantes União das freguesias de São Facundo e Vale das Mós
1%
Viseu São João da Pesqueira União das freguesias de São João da Pesqueira e Várzea de Trevões
1%
Santarém Rio Maior União das freguesias de São João da Ribeira e Ribeira de São João
1%
Viseu Tondela União das freguesias de São João do Monte e Mosteirinho
1%
Bragança Bragança União das freguesias de São Julião de Palácios e Deilão
1%
Viseu São Pedro do Sul União das freguesias de São Martinho das Moitas e Covas do Rio
1%
Coimbra Coimbra União das freguesias de São Martinho do Bispo e Ribeira de Frades
1%
Santarém Abrantes União das freguesias de São Miguel do Rio Torto e Rossio ao Sul do Tejo
1%
Coimbra Condeixa-a-Nova União das freguesias de Sebal e Belide
1%
Coimbra Miranda do Corvo União das freguesias de Semide e Rio Vide
1%
Bragança Miranda do Douro União das freguesias de Sendim e Atenor
1%
Beja Serpa União das freguesias de Serpa (Salvador e Santa Maria)
1%
Santarém Tomar União das freguesias de Serra e Junceira
1%
Bragança Miranda do Douro União das freguesias de Silva e Águas Vivas
1%
Lisboa Sintra União das freguesias de Sintra (Santa Maria e São Miguel, São Martinho e São Pedro de Penaferrim)
1%
Aveiro Castelo de Paiva União das freguesias de Sobrado e Bairros
1%
Guarda Fornos de Algodres União das freguesias de Sobral Pichorro e Fuinhas
1%
Castelo Branco Proença-a-Nova União das freguesias de Sobreira Formosa e Alvito da Beira
1%
Coimbra Coimbra União das freguesias de Souselas e Botão
1%
Vila Real Chaves União das freguesias de Soutelo e Seara Velha
1%
Viana do Castelo Arcos de Valdevez União das freguesias de Souto e Tabaçô
1%
Viseu Tarouca União das freguesias de Tarouca e Dálvares
1%
Coimbra Coimbra União das freguesias de Taveiro, Ameal e Arzila
1%
Portalegre Elvas União das freguesias de Terrugem e Vila Boim
1%
Viseu Tondela União das freguesias de Tondela e Nandufe
1%
Porto Vila do Conde União das freguesias de Touguinha e Touguinhó
1%
Viana do Castelo Monção União das freguesias de Troporiz e Lapela
1%
Bragança Vimioso União das freguesias de Vale de Frades e Avelanoso
1%
Vila Real Alijó União das freguesias de Vale de Mendiz, Casal de Loivos e Vilarinho de Cotas
1%
Viana do Castelo Valença União das freguesias de Valença, Cristelo Covo e Arão
1%
Braga Celorico de Basto União das freguesias de Veade, Gagos e Molares
1%
Lisboa Mafra União das freguesias de Venda do Pinheiro e Santo Estêvão das Galés
1%
Vila Real Montalegre União das freguesias de Viade de Baixo e Fervidelas
1%
Viana do Castelo Viana do Castelo União das freguesias de Viana do Castelo (Santa Maria Maior e Monserrate) e Meadela
1%
Braga Barcelos União das freguesias de Viatodos, Grimancelos, Minhotães e Monte de Fralães
1%
Aveiro Vale de Cambra União das freguesias de Vila Chã, Codal e Vila Cova de Perrinho
1%
Viana do Castelo Ponte da Barca União das freguesias de Vila Chã (São João Baptista e Santiago)
1%
Coimbra Arganil União das freguesias de Vila Cova de Alva e Anseriz
1%
Viseu Penalva do Castelo União das freguesias de Vila Cova do Covelo/Mareco
1%
Coimbra Cantanhede União das freguesias de Vilamar e Corticeiro de Cima
1%
Viana do Castelo Vila Nova de Cerveira União das freguesias de Vila Nova de Cerveira e Lovelhe
1%
Viseu Vila Nova de Paiva União das freguesias de Vila Nova de Paiva, Alhais e Fráguas
1%
Beja Serpa União das freguesias de Vila Nova de São Bento e Vale de Vargo
1%
Vila Real Montalegre União das freguesias de Vilar de Perdizes e Meixide
1%
Guarda Trancoso União das freguesias de Vilares e Carnicães
1%
Bragança Mogadouro União das freguesias de Vilarinho dos Galegos e Ventozelo
1%
Viseu São João da Pesqueira União das freguesias de Vilarouco e Pereiros
1%
Coimbra Condeixa-a-Nova União das freguesias de Vila Seca e Bem da Fé
1%
Viseu Vouzela União das freguesias de Vouzela e Paços de Vilharigues
1%
Castelo Branco Idanha-a-Nova União das freguesias de Zebreira e Segura
1%
Leiria Bombarral União das freguesias do Bombarral e Vale Covo
1%
Lisboa Cadaval União das freguesias do Cadaval e Pêro Moniz
1%
Santarém Cartaxo União das freguesias do Cartaxo e Vale da Pinta
1%
Braga Fafe União de freguesias de Ardegão, Arnozela e Seidões
1%
Guarda Guarda União de freguesias de Corujeira e Trinta
1%
Santarém Ourém Urqueira
1%
Portalegre Portalegre Urra
1%
Bragança Mogadouro Urrós
1%
Bragança Mogadouro Vale da Madre
1%
Guarda Almeida Vale da Mula
1%
Castelo Branco Penamacor Vale da Senhora da Póvoa
1%
Bragança Vinhais Vale das Fontes
1%
Bragança Mirandela Vale de Asnes
1%
Braga Celorico de Basto Vale de Bouro
1%
Guarda Guarda Vale de Estrela
1%
Guarda Pinhel Vale do Côa
1%
Guarda Pinhel Vale do Massueime
1%
Lisboa Azambuja Vale do Paraíso
1%
Guarda Guarda Valhelhas
1%
Porto Paredes Vandoma
1%
Viseu Tarouca Várzea da Serra
1%
Leiria Óbidos Vau
1%
Vila Real Valpaços Veiga de Lila
1%
Lisboa Cadaval Vermelha
1%
Guarda Figueira de Castelo Rodrigo Vermiosa
1%
Leiria Pombal Vermoil
1%
Leiria Caldas da Rainha Vidais
1%
Guarda Guarda Videmonte
1%
Porto Marco de Canaveses Vila Boa de Quires e Maureles
1%
Porto Marco de Canaveses Vila Boa do Bispo
1%
Santarém Cartaxo Vila Chã de Ourique
1%
Porto Amarante Vila Chã do Marão
1%
Guarda Seia Vila Cova à Coelheira
1%
Viseu Vila Nova de Paiva Vila Cova à Coelheira
1%
Vila Real Montalegre Vila da Ponte
1%
Viseu Sernancelhe Vila da Ponte
1%
Bragança Mogadouro Vila de Ala
1%
Ilha Terceira Angra do Heroísmo Vila de São Sebastião
1%
Vila Real Mesão Frio Vila Marim
1%
Vila Real Vila Real Vila Marim
1%
Faro Vila Real de Santo António Vila Nova de Cacela
1%
Aveiro Anadia Vila Nova de Monsarros
1%
Viseu Lamego Vila Nova de Souto d'El-Rei
1%
Guarda Gouveia Vila Nova de Tazem
1%
Vila Real Valpaços Vilarandelo
1%
Vila Real Alijó Vilar de Maçada
1%
Vila Real Chaves Vilar de Nantes
1%
Porto Vila do Conde Vilar de Pinheiro
1%
Bragança Alfândega da Fé Vilares de Vilariça
1%
Braga Vila Nova de Famalicão Vilarinho das Cambas
1%
Aveiro Anadia Vilarinho do Bairro
1%
Vila Real Chaves Vilas Boas
1%
Vila Real Chaves Vila Verde da Raia
1%
Lisboa Alenquer Vila Verde dos Francos
1%
Vila Real Chaves Vilela do Tâmega
1%
Vila Real Chaves Vilela Seca
1%
Bragança Macedo de Cavaleiros Vinhas
1%
Viana do Castelo Ponte de Lima Vitorino das Donas
1%
Vila Real Vila Pouca de Aguiar Vreia de Bornes
1%
Vila Real Vila Pouca de Aguiar Vreia de Jales
1%
Bragança Bragança Zoio
1%
Bragança Mirandela Abambres
0%
Viana do Castelo Monção Abedim
0%
Santarém Santarém Abitureiras
0%
Viseu Mangualde Abrunhosa-a-Velha
0%
Bragança Torre de Moncorvo Açoreira
0%
Viseu Tabuaço Adorigo
0%
Guarda Pinhel Agregação das freguesias Sul de Pinhel
0%
Bragança Vinhais Agrochão
0%
Vila Real Chaves Águas Frias
0%
Portalegre Crato Aldeia da Mata
0%
Castelo Branco Idanha-a-Nova Aldeia de Santa Margarida
0%
Castelo Branco Covilhã Aldeia de São Francisco de Assis
0%
Portalegre Portalegre Alegrete
0%
Bragança Bragança Alfaião
0%
Vila Real Vila Pouca de Aguiar Alfarela de Jales
0%
Vila Real Valpaços Algeriz
0%
Guarda Vila Nova de Foz Côa Almendra
0%
Guarda Pinhel Alto do Palurdo
0%
Viana do Castelo Melgaço Alvaredo
0%
Castelo Branco Oleiros Álvaro
0%
Guarda Guarda Alvendre
0%
Bragança Mirandela Alvites
0%
Leiria Caldas da Rainha Alvorninha
0%
Santarém Mação Amêndoa
0%
Vila Real Vila Real Andrães
0%
Vila Real Chaves Anelhe
0%
Viana do Castelo Viana do Castelo Anha
0%
Coimbra Montemor-o-Velho Arazede
0%
Viseu Moimenta da Beira Arcozelos
0%
Viana do Castelo Caminha Argela
0%
Bragança Vimioso Argozelo
0%
Viseu Sernancelhe Arnas
0%
Santarém Santarém Arneiro das Milhariças
0%
Santarém Rio Maior Arrouquelas
0%
Viana do Castelo Ponte de Lima Associação de freguesias do Vale do Neiva
0%
Portalegre Monforte Assumar
0%
Porto Paredes Astromil
0%
Guarda Guarda Avelãs da Ribeira
0%
Guarda Mêda Aveloso
0%
Bragança Mogadouro Azinhoso
0%
Viseu Moimenta da Beira Baldos
0%
Guarda Celorico da Beira Baraçal
0%
Guarda Sabugal Baraçal
0%
Vila Real Boticas Beça
0%
Porto Marco de Canaveses Bem Viver
0%
Viseu Penedono Beselga
0%
Vila Real Mondim de Basto Bilhó
0%
Guarda Sabugal Bismula
0%
Faro Aljezur Bordeira
0%
Vila Real Vila Pouca de Aguiar Bragado
0%
Viseu Lamego Britiande
0%
Bragança Mogadouro Brunhoso
0%
Santarém Alcanena Bugalhos
0%
Évora Mora Cabeção
0%
Viseu Lamego Cambres
0%
Vila Real Vila Real Campeã
0%
Leiria Figueiró dos Vinhos Campelo
0%
Viseu Tondela Canas de Santa Maria
0%
Vila Real Vila Pouca de Aguiar Capeludos
0%
Coimbra Mira Carapelhos
0%
Coimbra Tábua Carapinha
0%
Coimbra Montemor-o-Velho Carapinheira
0%
Guarda Aguiar da Beira Carapito
0%
Bragança Mirandela Caravelas
0%
Bragança Vimioso Carção
0%
Santarém Mação Cardigos
0%
Viseu Resende Cárquere
0%
Bragança Bragança Carragosa
0%
Bragança Macedo de Cavaleiros Carrapatas
0%
Guarda Celorico da Beira Carrapichana
0%
Leiria Caldas da Rainha Carvalhal Benfeito
0%
Portalegre Sousel Casa Branca
0%
Guarda Guarda Casal de Cinza
0%
Guarda Fornos de Algodres Casal Vasco
0%
Guarda Celorico da Beira Casas do Soeiro
0%
Viseu Penedono Castainço
0%
Guarda Sabugal Casteleiro
0%
Viseu Penalva do Castelo Castelo de Penalva
0%
Viseu Viseu Cavernães
0%
Bragança Mirandela Cedães
0%
Guarda Vila Nova de Foz Côa Cedovim
0%
Viseu Mortágua Cercosa
0%
Bragança Alfândega da Fé Cerejais
0%
Vila Real Montalegre Cervos
0%
Viseu Tabuaço Chavães
0%
Viseu Sernancelhe Chosendo
0%
Évora Montemor-o-Novo Ciborro
0%
Viseu Armamar Cimbres
0%
Vila Real Chaves Cimo de Vila da Castanheira
0%
Bragança Mirandela Cobro
0%
Braga Celorico de Basto Codeçoso
0%
Vila Real Boticas Codessoso, Curros e Fiães do Tâmega
0%
Guarda Trancoso Cogula
0%
Porto Marco de Canaveses Constance
0%
Viana do Castelo Vila Nova de Cerveira Cornes
0%
Bragança Macedo de Cavaleiros Corujas
0%
Viana do Castelo Melgaço Cousso
0%
Viseu Viseu Coutos de Viseu
0%
Vila Real Boticas Covas do Barroso
0%
Vila Real Sabrosa Covas do Douro
0%
Vila Real Montalegre Covelo do Gerês
0%
Viana do Castelo Melgaço Cristoval
0%
Coimbra Penela Cumeeira
0%
Portalegre Alter do Chão Cunheira
0%
Vila Real Chaves Curalha
0%
Viseu Tabuaço Desejosa
0%
Bragança Vinhais Edral
0%
Bragança Vinhais Edrosa
0%
Santarém Mação Envendos
0%
Castelo Branco Fundão Enxames
0%
Vila Real Chaves Ervededo
0%
Vila Real Valpaços Ervões
0%
Guarda Figueira de Castelo Rodrigo Escalhão
0%
Viseu Penalva do Castelo Esmolfe
0%
Viseu Cinfães Espadanedo
0%
Coimbra Penela Espinhal
0%
Bragança Bragança Espinhosela
0%
Santarém Ourém Espite
0%
Castelo Branco Oleiros Estreito-Vilar Barroco
0%
Coimbra Pampilhosa da Serra Fajão-Vidual
0%
Viseu Lamego Ferreiros de Avões
0%
Viseu Cinfães Ferreiros de Tendais
0%
Viseu Tondela Ferreirós do Dão
0%
Coimbra Penacova Figueira de Lorvão
0%
Guarda Fornos de Algodres Figueiró da Granja
0%
Vila Real Murça Fiolhoso
0%
Guarda Sabugal Fóios
0%
Vila Real Vila Real Folhadela
0%
Viana do Castelo Valença Fontoura
0%
Viseu Vouzela Fornelo do Monte
0%
Guarda Aguiar da Beira Forninhos
0%
Viseu Mangualde Fornos de Maceira Dão
0%
Vila Real Valpaços Fornos do Pinhal
0%
Portalegre Ponte de Sor Foros de Arrão
0%
Évora Montemor-o-Novo Foros de Vale de Figueira
0%
Bragança Mirandela Fradizela
0%
Porto Paços de Ferreira Frazão Arreigada
0%
Guarda Almeida Freineda
0%
Viana do Castelo Viana do Castelo Freixieiro de Soutelo
0%
Viseu Mangualde Freixiosa
0%
Viana do Castelo Valença Friestas
0%
Vila Real Valpaços Friões
0%
Portalegre Crato Gáfete
0%
Santarém Santarém Gançaria
0%
Viana do Castelo Valença Ganfei
0%
Viana do Castelo Melgaço Gave
0%
Bragança Miranda do Douro Genísio
0%
Porto Baião Gestaçô
0%
Bragança Bragança Gostei
0%
Porto Baião Gove
0%
Vila Real Montalegre Gralhas
0%
Viseu Tabuaço Granja do Tedo
0%
Coimbra Soure Granja do Ulmeiro
0%
Viseu Sernancelhe Granjal
0%
Bragança Bragança Grijó de Parada
0%
Porto Baião Grilo
0%
Vila Real Vila Real Guiães
0%
Guarda Trancoso Guilheiro
0%
Porto Felgueiras Idães
0%
Viseu Penalva do Castelo Ínsua
0%
Guarda Guarda Jarmelo São Miguel
0%
Guarda Guarda Jarmelo São Pedro
0%
Porto Amarante Jazente
0%
Castelo Branco Idanha-a-Nova Ladoeiro
0%
Vila Real Chaves Lama de Arcos
0%
Bragança Macedo de Cavaleiros Lamalonga
0%
Bragança Mirandela Lamas de Orelhão
0%
Guarda Pinhel Lamegal
0%
Viseu Sernancelhe Lamosa
0%
Viseu Nelas Lapa do Lobo
0%
Bragança Torre de Moncorvo Larinho
0%
Coimbra Vila Nova de Poiares Lavegadas
0%
Coimbra Figueira da Foz Lavos
0%
Coimbra Montemor-o-Velho Liceia
0%
Viseu Tondela Lobão da Beira
0%
Porto Lousada Lodares
0%
Portalegre Ponte de Sor Longomel
0%
Viana do Castelo Monção Longos Vales
0%
Castelo Branco Castelo Branco Louriçal do Campo
0%
Porto Amarante Lufrei
0%
Viseu Penalva do Castelo Lusinde
0%
Guarda Celorico da Beira Maçal do Chão
0%
Leiria Alvaiázere Maçãs de Dona Maria
0%
Vila Real Chaves Mairos
0%
Guarda Sabugal Malcata
0%
Bragança Miranda do Douro Malhadas
0%
Guarda Almeida Malhada Sorda
0%
Viseu Mortágua Marmeleira
0%
Guarda Guarda Marmeleiro
0%
Bragança Carrazeda de Ansiães Marzagão
0%
Bragança Mirandela Mascarenhas
0%
Guarda Figueira de Castelo Rodrigo Mata de Lobos
0%
Guarda Fornos de Algodres Matança
0%
Bragança Vimioso Matela
0%
Coimbra Montemor-o-Velho Meãs do Campo
0%
Castelo Branco Idanha-a-Nova Medelim
0%
Braga Fafe Medelo
0%
Porto Paços de Ferreira Meixomil
0%
Viana do Castelo Vila Nova de Cerveira Mentrestido
0%
Guarda Celorico da Beira Mesquitela
0%
Guarda Celorico da Beira Minhocal
0%
Viseu Sátão Mioma
0%
Guarda Trancoso Moimentinha
0%
Coimbra Figueira da Foz Moinhos da Gândara
0%
Viseu Tarouca Mondim da Beira
0%
Vila Real Vila Real Mondrões
0%
Portalegre Nisa Montalvão
0%
Porto Santo Tirso Monte Córdova
0%
Viseu Castro Daire Monteiras
0%
Vila Real Montalegre Morgade
0%
Coimbra Tábua Mouronho
0%
Bragança Mirandela Múrias
0%
Coimbra Cantanhede Murtede
0%
Viseu São João da Pesqueira Nagozelo do Douro
0%
Portalegre Campo Maior Nossa Senhora da Expectação
0%
Portalegre Castelo de Vide Nossa Senhora da Graça de Póvoa e Meadas
0%
Évora Évora Nossa Senhora da Graça do Divor
0%
Portalegre Campo Maior Nossa Senhora da Graça dos Degolados
0%
Évora Évora Nossa Senhora de Machede
0%
Guarda Vila Nova de Foz Côa Numão
0%
Porto Penafiel Oldrões
0%
Castelo Branco Oleiros Oleiros-Amieira
0%
Évora Borba Orada
0%
Coimbra Cantanhede Ourentã
0%
Vila Real Chaves Outeiro Seco
0%
Porto Penafiel Paço de Sousa
0%
Guarda Gouveia Paços da Serra
0%
Viana do Castelo Paredes de Coura Padornelo
0%
Vila Real Vila Real Parada de Cunhos
0%
Vila Real Sabrosa Parada de Pinhão
0%
Bragança Bragança Parâmio
0%
Évora Vila Viçosa Pardais
0%
Faro Olhão Pechão
0%
Braga Cabeceiras de Basto Pedraça
0%
Guarda Aguiar da Beira Pena Verde
0%
Viseu Vila Nova de Paiva Pendilhe
0%
Viseu Penedono Penela da Beira
0%
Bragança Vinhais Penhas Juntas
0%
Castelo Branco Covilhã Peraboa
0%
Guarda Guarda Pêra do Moço
0%
Bragança Mogadouro Peredo da Bemposta
0%
Castelo Branco Fundão Pêro Viseu
0%
Viseu Penalva do Castelo Pindo
0%
Bragança Bragança Pinela
0%
Bragança Vimioso Pinelo
0%
Guarda Seia Pinhanços
0%
Viseu Santa Comba Dão Pinheiro de Ázere
0%
Vila Real Chaves Planalto de Monforte (União das freguesias de Oucidres e Bobadela)
0%
Viana do Castelo Monção Podame
0%
Coimbra Penela Podentes
0%
Porto Felgueiras Pombeiro de Ribavizela
0%
Coimbra Pampilhosa da Serra Portela do Fojo-Machio
0%
Vila Real Valpaços Possacos
0%
Santarém Santarém Póvoa da Isenta
0%
Viseu Penedono Póvoa de Penela
0%
Guarda Trancoso Póvoa do Concelho
0%
Viseu Viseu Povolide
0%
Leiria Alvaiázere Pussos São Pedro
0%
Viseu Vila Nova de Paiva Queiriga
0%
Guarda Fornos de Algodres Queiriz
0%
Guarda Sabugal Quintas de São Bartolomeu
0%
Viseu Mangualde Quintela de Azurara
0%
Porto Paços de Ferreira Raimonda
0%
Guarda Guarda Ramela
0%
Guarda Sabugal Rapoula do Côa
0%
Porto Felgueiras Regilde
0%
Porto Santo Tirso Reguenga
0%
Guarda Sabugal Rendo
0%
Porto Felgueiras Revinhade
0%
Viana do Castelo Monção Riba de Mouro
0%
Viseu Viseu Ribafeita
0%
Guarda Gouveia Ribamondego
0%
Viana do Castelo Paredes de Coura Romarigães
0%
Viana do Castelo Paredes de Coura Rubiães
0%
Bragança Mogadouro Saldanha
0%
Porto Amarante Salvador do Monte
0%
Viseu Tarouca Salzedas
0%
Guarda Manteigas Sameiro
0%
Viseu Lamego Samodães
0%
Porto Paços de Ferreira Sanfins Lamoso Codessos
0%
Faro Tavira Santa Catarina da Fonte do Bispo
0%
Bragança Vila Flor Santa Comba de Vilariça
0%
Bragança Vinhais Santalha
0%
Santarém Constância Santa Margarida da Coutada
0%
Portalegre Castelo de Vide Santa Maria da Devesa
0%
Vila Real Valpaços Santa Maria de Emeres
0%
Portalegre Marvão Santa Maria de Marvão
0%
Porto Baião Santa Marinha do Zêzere
0%
Guarda Guarda Santana da Azinha
0%
Vila Real Valpaços Santa Valha
0%
Vila Real Valpaços Santiago da Ribeira de Alhariz
0%
Santarém Sardoal Santiago de Montalegre
0%
Viseu Cinfães Santiago de Piães
0%
Évora Montemor-o-Novo Santiago do Escoural
0%
Portalegre Marvão Santo António das Areias
0%
Vila Real Chaves Santo António de Monforte
0%
Braga Póvoa de Lanhoso Santo Emilião
0%
Viseu Viseu Santos Evos
0%
Évora Évora São Bento do Mato
0%
Viseu Resende São Cipriano
0%
Viseu Viseu São Cipriano e Vil de Souto
0%
Vila Real Mondim de Basto São Cristóvão de Mondim de Basto
0%
Viseu Cinfães São Cristóvão de Nogueira
0%
Coimbra Tábua São João da Boa Vista
0%
Viseu Mangualde São João da Fresta
0%
Viseu Santa Comba Dão São João de Areias
0%
Viseu Resende São João de Fontoura
0%
Viseu Tarouca São João de Tarouca
0%
Vila Real Sabrosa São Lourenço de Ribapinhão
0%
Bragança Miranda do Douro São Martinho de Angueira
0%
Bragança Mogadouro São Martinho do Peso
0%
Castelo Branco Idanha-a-Nova São Miguel de Acha
0%
Évora Évora São Miguel de Machede
0%
Coimbra Vila Nova de Poiares São Miguel de Poiares
0%
Viseu Sátão São Miguel de Vila Boa
0%
Viana do Castelo Ponte de Lima São Pedro d'Arcos
0%
Vila Real Chaves São Pedro de Agostém
0%
Guarda Almeida São Pedro de Rio Seco
0%
Santarém Tomar São Pedro de Tomar
0%
Vila Real Valpaços São Pedro de Veiga de Lila
0%
Castelo Branco Proença-a-Nova São Pedro do Esteval
0%
Viana do Castelo Viana do Castelo São Romão de Neiva
0%
Portalegre Marvão São Salvador da Aramenha
0%
Portalegre Fronteira São Saturnino
0%
Viana do Castelo Vila Nova de Cerveira Sapardos
0%
Vila Real Boticas Sapiãos
0%
Vila Real Montalegre Sarraquinhos
0%
Guarda Seia Sazes da Beira
0%
Coimbra Penacova Sazes do Lorvão
0%
Vila Real Peso da Régua Sedielos
0%
Coimbra Montemor-o-Velho Seixo de Gatões
0%
Bragança Vila Flor Seixo de Manhoses
0%
Viseu Nelas Senhorim
0%
Santarém Alcanena Serra de Santo António
0%
Viseu Sátão Silvã de Cima
0%
Castelo Branco Fundão Soalheira
0%
Guarda Guarda Sobral da Serra
0%
Castelo Branco Covilhã Sobral de São Miguel
0%
Porto Paredes Sobrosa
0%
Vila Real Montalegre Solveira
0%
Viana do Castelo Vila Nova de Cerveira Sopo
0%
Vila Real Vila Pouca de Aguiar Soutelo de Aguiar
0%
Viseu São João da Pesqueira Soutelo do Douro
0%
Vila Real Sabrosa Souto Maior
0%
Guarda Trancoso Tamanhos
0%
Guarda Pinhel Terras de Massueime
0%
Castelo Branco Castelo Branco Tinalhas
0%
Vila Real Vila Real Torgueda
0%
Porto Lousada Torno
0%
Évora Évora Torre de Coelheiros
0%
Vila Real Sabrosa Torre do Pinhão
0%
Guarda Vila Nova de Foz Côa Touça
0%
Castelo Branco Idanha-a-Nova Toulões
0%
Viseu Penalva do Castelo Trancozelos
0%
Coimbra Oliveira do Hospital Travanca de Lagos
0%
Guarda Seia Travancinha
0%
Vila Real Vila Pouca de Aguiar Tresminas
0%
Viseu Mortágua Trezói
0%
Vila Real Chaves Tronco
0%
Viana do Castelo Monção Trute
0%
Bragança Vinhais Tuizelo
0%
Vila Real Chaves União das freguesias da Madalena e Samaiões
0%
Braga Vila Verde União das freguesias da Ribeira do Neiva
0%
Lisboa Alenquer União das freguesias de Abrigada e Cabanas de Torres
0%
Coimbra Montemor-o-Velho União das freguesias de Abrunheira, Verride e Vila Nova da Barca
0%
Santarém Santarém União das freguesias de Achete, Azoia de Baixo e Póvoa de Santarém
0%
Bragança Torre de Moncorvo União das freguesias de Adeganha e Cardanha
0%
Vila Real Vila Real União das freguesias de Adoufe e Vilarinho de Samardã
0%
Viseu Sátão União das freguesias de Águas Boas e Forles
0%
Bragança Macedo de Cavaleiros União das freguesias de Ala e Vilarinho do Monte
0%
Guarda Gouveia União das freguesias de Aldeias e Mangualde da Serra
0%
Guarda Figueira de Castelo Rodrigo União das freguesias de Almofala e Escarigo
0%
Santarém Abrantes União das freguesias de Alvega e Concavada
0%
Viana do Castelo Monção União das freguesias de Anhões e Luzio
0%
Viseu Resende União das freguesias de Anreade e São Romão de Aregos
0%
Viseu Penalva do Castelo União das freguesias de Antas e Matela
0%
Viseu Penedono União das freguesias de Antas e Ourozinho
0%
Portalegre Nisa União das freguesias de Arez e Amieira do Tejo
0%
Viana do Castelo Caminha União das freguesias de Arga (Baixo, Cima e São João)
0%
Viseu Armamar União das freguesias de Aricera e Goujoim
0%
Bragança Vila Flor União das freguesias de Assares e Lodões
0%
Évora Évora União das freguesias de Bacelo e Senhora da Saúde
0%
Portalegre Elvas União das freguesias de Barbacena e Vila Fernando
0%
Castelo Branco Covilhã União das freguesias de Barco e Coutada
0%
Viseu Tondela União das freguesias de Barreiro de Besteiros e Tourigo
0%
Vila Real Vila Real União das freguesias de Borbela e Lamas de Olo
0%
Porto Trofa União das freguesias de Bougado (São Martinho e Santiago)
0%
Braga Braga União das freguesias de Braga (Maximinos, Sé e Cividade)
0%
Braga Braga União das freguesias de Braga (São José de São Lázaro e São João do Souto)
0%
Braga Guimarães União das freguesias de Briteiros São Salvador e Briteiros Santa Leocádia
0%
Bragança Vimioso União das freguesias de Caçarelhos e Angueira
0%
Braga Vizela União das freguesias de Caldas de Vizela (São Miguel e São João)
0%
Vila Real Chaves União das freguesias de Calvão e Soutelinho da Raia
0%
Vila Real Montalegre União das freguesias de Cambeses do Rio, Donões e Mourilhe
0%
Vila Real Mondim de Basto União das freguesias de Campanhó e Paradança
0%
Bragança Vila Flor União das freguesias de Candoso e Carvalho de Egas
0%
Castelo Branco Covilhã União das freguesias de Cantar-Galo e Vila do Carvalho
0%
Guarda Seia União das freguesias de Carragozela e Várzea de Meruge
0%
Porto Santo Tirso União das freguesias de Carreira e Refojos de Riba de Ave
0%
Viana do Castelo Monção União das freguesias de Ceivães e Badim
0%
Guarda Celorico da Beira União das freguesias de Celorico (São Pedro e Santa Maria) e Vila Boa do Mondego
0%
Viseu Lamego União das freguesias de Cepões, Meijinhos e Melcões
0%
Coimbra Coimbra União das freguesias de Coimbra (Sé Nova, Santa Cruz, Almedina e São Bartolomeu)
0%
Coimbra Condeixa-a-Nova União das freguesias de Condeixa-a-Velha e Condeixa-a-Nova
0%
Bragança Miranda do Douro União das freguesias de Constantim e Cicouro
0%
Vila Real Vila Real União das freguesias de Constantim e Vale de Nogueiras
0%
Porto Trofa União das freguesias de Coronado (São Romão e São Mamede)
0%
Guarda Celorico da Beira União das freguesias de Cortiçô da Serra, Vide entre Vinhas e Salgueirais
0%
Castelo Branco Sertã União das freguesias de Cumeada e Marmeleiro
0%
Coimbra Coimbra União das freguesias de Eiras e São Paulo de Frades
0%
Vila Real Mondim de Basto União das freguesias de Ermelo e Pardelhas
0%
Coimbra Oliveira do Hospital União das freguesias de Ervedal e Vila Franca da Beira
0%
Bragança Macedo de Cavaleiros União das freguesias de Espadanedo, Edroso, Murçós e Soutelo Mourisco
0%
Braga Braga União das freguesias de Este (São Pedro e São Mamede)
0%
Évora Estremoz União das freguesias de Estremoz (Santa Maria e Santo André)
0%
Évora Évora União das freguesias de Évora (São Mamede, Sé, São Pedro e Santo Antão)
0%
Faro Faro União das freguesias de Faro (Sé e São Pedro)
0%
Bragança Alfândega da Fé União das freguesias de Ferradosa e Sendim da Serra
0%
Guarda Gouveia União das freguesias de Figueiró da Serra e Freixo da Serra
0%
Leiria Figueiró dos Vinhos União das freguesias de Figueiró dos Vinhos e Bairradas
0%
Porto Amarante União das freguesias de Figueiró (Santiago e Santa Cristina)
0%
Viseu Sernancelhe União das freguesias de Fonte Arcada e Escurquela
0%
Viseu Resende União das freguesias de Freigil e Miomães
0%
Guarda Figueira de Castelo Rodrigo União das freguesias de Freixeda do Torrão, Quintã de Pêro Martins e Penha de Águia
0%
Bragança Freixo de Espada à Cinta União das freguesias de Freixo de Espada à Cinta e Mazouco
0%
Vila Real Peso da Régua União das freguesias de Galafura e Covelinhas
0%
Coimbra Soure União das freguesias de Gesteira e Brunhós
0%
Viana do Castelo Caminha União das freguesias de Gondar e Orbacém
0%
Braga Cabeceiras de Basto União das freguesias de Gondiães e Vilar de Cunhas
0%
Viseu Tarouca União das freguesias de Granja Nova e Vila Chã da Beira
0%
Porto Vila Nova de Gaia União das freguesias de Grijó e Sermonde
0%
Castelo Branco Idanha-a-Nova União das freguesias de Idanha-a-Nova e Alcafozes
0%
Guarda Sabugal União das freguesias de Lajeosa e Forcalhos
0%
Porto Santo Tirso União das freguesias de Lamelas e Guimarei
0%
Santarém Tomar União das freguesias de Madalena e Beselga
0%
Évora Évora União das freguesias de Malagueira e Horta das Figueiras
0%
Guarda Almeida União das freguesias de Malpartida e Vale de Coelha
0%
Vila Real Montalegre União das freguesias de Meixedo e Padornelos
0%
Lisboa Lourinhã União das freguesias de Miragaia e Marteleira
0%
Guarda Almeida União das freguesias de Miuzela e Porto de Ovelha
0%
Bragança Vinhais União das freguesias de Moimenta e Montouto
0%
Castelo Branco Idanha-a-Nova União das freguesias de Monfortinho e Salvaterra do Extremo
0%
Castelo Branco Idanha-a-Nova União das freguesias de Monsanto e Idanha-a-Velha
0%
Vila Real Vila Real União das freguesias de Mouçós e Lamares
0%
Évora Évora União das freguesias de Nossa Senhora da Tourega e Nossa Senhora de Guadalupe
0%
Bragança Vinhais União das freguesias de Nunes e Ousilhão
0%
Coimbra Penacova União das freguesias de Oliveira do Mondego e Travanca do Mondego
0%
Santarém Rio Maior União das freguesias de Outeiro da Cortiçada e Arruda dos Pisões
0%
Viseu Resende União das freguesias de Ovadas e Panchorra
0%
Viana do Castelo Arcos de Valdevez União das freguesias de Padreiro (Salvador e Santa Cristina)
0%
Bragança Bragança União das freguesias de Parada e Faílde
0%
Bragança Alfândega da Fé União das freguesias de Parada e Sendim da Ribeira
0%
Viseu Tabuaço União das freguesias de Paradela e Granjinha
0%
Coimbra Oliveira do Hospital União das freguesias de Penalva de Alva e São Sebastião da Feira
0%
Vila Real Vila Pouca de Aguiar União das freguesias de Pensalvos e Parada de Monteiros
0%
Castelo Branco Covilhã União das freguesias de Peso e Vales do Rio
0%
Viseu Moimenta da Beira União das freguesias de Peva e Segões
0%
Coimbra Tábua União das freguesias de Pinheiro de Coja e Meda de Mouros
0%
Coimbra Cantanhede União das freguesias de Portunhos e Outil
0%
Viana do Castelo Melgaço União das freguesias de Prado e Remoães
0%
Vila Real Sabrosa União das freguesias de Provesende, Gouvães do Douro e São Cristóvão do Douro
0%
Bragança Vinhais União das freguesias de Quirás e Pinheiro Novo
0%
Guarda Celorico da Beira União das freguesias de Rapa e Cadafaz
0%
Santarém Ourém União das freguesias de Rio de Couros e Casal dos Bernardos
0%
Guarda Gouveia União das freguesias de Rio Torto e Lagarinhos
0%
Viseu Sátão União das freguesias de Romãs, Decermilo e Vila Longa
0%
Braga Guimarães União das freguesias de Sande Vila Nova e Sande São Clemente
0%
Viseu Santa Comba Dão União das freguesias de Santa Comba Dão e Couto do Mosteiro
0%
Porto Baião União das freguesias de Santa Cruz do Douro e São Tomé de Covelas
0%
Coimbra Oliveira do Hospital União das freguesias de Santa Ovaia e Vila Pouca da Beira
0%
Viseu Mangualde União das freguesias de Santiago de Cassurrães e Póvoa de Cervães
0%
Évora Évora União das freguesias de São Manços e São Vicente do Pigeiro
0%
Vila Real Sabrosa União das freguesias de São Martinho de Antas e Paradela de Guiães
0%
Viseu Tondela União das freguesias de São Miguel do Outeiro e Sabugosa
0%
Coimbra Penacova União das freguesias de São Pedro de Alva e São Paio de Mondego
0%
Évora Évora União das freguesias de São Sebastião da Giesteira e Nossa Senhora da Boa Fé
0%
Vila Real Vila Real União das freguesias de São Tomé do Castelo e Justes
0%
Braga Vila Nova de Famalicão União das freguesias de Seide
0%
Guarda Sabugal União das freguesias de Seixo do Côa e Vale Longo
0%
Coimbra Cantanhede União das freguesias de Sepins e Bolho
0%
Guarda Aguiar da Beira União das freguesias de Sequeiros e Gradiz
0%
Vila Real Montalegre União das freguesias de Sezelhe e Covelães
0%
Bragança Vinhais União das freguesias de Sobreiro de Baixo e Alvaredos
0%
Bragança Vinhais União das freguesias de Soeira, Fresulfe e Mofreita
0%
Viana do Castelo Viana do Castelo União das freguesias de Subportela, Deocriste e Portela Susã
0%
Viseu Mangualde União das freguesias de Tavares (Chãs, Várzea e Travanca)
0%
Faro Tavira União das freguesias de Tavira (Santa Maria e Santiago)
0%
Viana do Castelo Arcos de Valdevez União das freguesias de Távora (Santa Maria e São Vicente)
0%
Guarda Trancoso União das freguesias de Torre do Terrenho, Sebadelhe da Serra e Terrenho
0%
Santarém Torres Novas União das freguesias de Torres Novas (Santa Maria, Salvador e Santiago)
0%
Guarda Seia União das freguesias de Torrozelo e Folhadosa
0%
Viana do Castelo Ponte da Barca União das freguesias de Touvedo (São Lourenço e Salvador)
0%
Guarda Trancoso União das freguesias de Trancoso (São Pedro e Santa Maria) e Souto Maior
0%
Viseu Santa Comba Dão União das freguesias de Treixedo e Nagozela
0%
Viseu São João da Pesqueira União das freguesias de Trevões e Espinhosa
0%
Coimbra Coimbra União das freguesias de Trouxemil e Torre de Vilela
0%
Bragança Torre de Moncorvo União das freguesias de Urros e Peredo dos Castelhanos
0%
Castelo Branco Fundão União das freguesias de Vale de Prazeres e Mata da Rainha
0%
Castelo Branco Covilhã União das freguesias de Vale Formoso e Aldeia do Souto
0%
Viana do Castelo Caminha União das freguesias de Venade e Azevedo
0%
Vila Real Montalegre União das freguesias de Venda Nova e Pondras
0%
Porto Felgueiras União das freguesias de Vila Cova da Lixa e Borba de Godim
0%
Guarda Trancoso União das freguesias de Vila Franca das Naves e Feital
0%
Viseu Tondela União das freguesias de Vilar de Besteiros e Mosteiro de Fráguas
0%
Bragança Vinhais União das freguesias de Vilar de Lomba e São Jomil
0%
Bragança Vila Flor União das freguesias de Vilas Boas e Vilarinho das Azenhas
0%
Évora Estremoz União das freguesias do Ameixial (Santa Vitória e São Bento)
0%
Guarda Figueira de Castelo Rodrigo União das freguesias do Colmeal e Vilar Torpim
0%
Guarda Sabugal União das freguesias do Sabugal e Aldeia de Santo António
0%
Braga Vila Verde União das freguesias do Vade
0%
Santarém Santarém União de freguesias da cidade de Santarém
0%
Guarda Guarda União de freguesias de Avelãs de Ambom e Rocamondo
0%
Guarda Guarda União de freguesias de Mizarela, Pêro Soares e Vila Soeiro
0%
Guarda Guarda União de freguesias de Pousade e Albardo
0%
Guarda Guarda União de freguesias de Rochoso e Monte Margarida
0%
Leiria Óbidos Usseira
0%
Viseu Armamar Vacalar
0%
Portalegre Monforte Vaiamonte
0%
Guarda Trancoso Valdujo
0%
Bragança Macedo de Cavaleiros Vale Benfeito
0%
Santarém Cartaxo Vale da Pedra
0%
Guarda Manteigas Vale de Amoreira
0%
Vila Real Chaves Vale de Anta
0%
Guarda Sabugal Vale de Espinho
0%
Bragança Mirandela Vale de Gouvinhas
0%
Bragança Mirandela Vale de Salgueiro
0%
Bragança Mirandela Vale de Telhas
0%
Bragança Vila Flor Vale Frechoso
0%
Viseu Tabuaço Valença do Douro
0%
Guarda Seia Valezim
0%
Santarém Sardoal Valhascos
0%
Vila Real Murça Valongo de Milhais
0%
Viseu São João da Pesqueira Valongo dos Azeites
0%
Vila Real Vila Pouca de Aguiar Valoura
0%
Porto Penafiel Valpedre
0%
Viseu Lamego Várzea de Abrunhais
0%
Castelo Branco Sertã Várzea dos Cavaleiros
0%
Vila Real Valpaços Vassal
0%
Évora Estremoz Veiros
0%
Castelo Branco Covilhã Verdelhos
0%
Porto Baião Viariz
0%
Bragança Vinhais Vila Boa de Ousilhão
0%
Bragança Miranda do Douro Vila Chã de Braciosa
0%
Guarda Gouveia Vila Cortês da Serra
0%
Guarda Guarda Vila Cortês do Mondego
0%
Viseu Moimenta da Beira Vila da Rua
0%
Viana do Castelo Viana do Castelo Vila de Punhe
0%
Guarda Sabugal Vila do Touro
0%
Guarda Guarda Vila Fernando
0%
Guarda Gouveia Vila Franca da Serra
0%
Guarda Guarda Vila Franca do Deão
0%
Coimbra Soure Vila Nova de Anços
0%
Porto Santo Tirso Vila Nova do Campo
0%
Coimbra Góis Vila Nova do Ceira
0%
Vila Real Mondim de Basto Vilar de Ferreiros
0%
Bragança Vinhais Vilar de Ossos
0%
Bragança Vinhais Vilar de Peregrinos
0%
Porto Lousada Vilar do Torno e Alentém
0%
Vila Real Chaves Vilarelho da Raia
0%
Bragança Alfândega da Fé Vilarelhos
0%
Bragança Carrazeda de Ansiães Vilarinho da Castanheira
0%
Bragança Macedo de Cavaleiros Vilarinho de Agrochão
0%
Vila Real Sabrosa Vilarinho de São Romão
0%
Vila Real Peso da Régua Vilarinho dos Freires
0%
Bragança Vinhais Vilar Seco de Lomba
0%
Coimbra Soure Vinha da Rainha
0%
Coimbra Condeixa-a-Nova Zambujal
0%
Nenhum quiz correspondente encontrado
Distribuição das Pontuações
Porcentagem de Pessoas com Cada Pontuação
Percentil de Números Respondidos
Sua Pontuação Histórica
Você não jogou esse quiz